<?xml version="1.0" encoding="UTF-8"?>
<record
    xmlns:xsi="http://www.w3.org/2001/XMLSchema-instance"
    xsi:schemaLocation="http://www.loc.gov/MARC21/slim http://www.loc.gov/standards/marcxml/schema/MARC21slim.xsd"
    xmlns="http://www.loc.gov/MARC21/slim">

  <leader>54242cam a22027254i 4500</leader>
  <controlfield tag="003">PE-LiUPU</controlfield>
  <controlfield tag="005">20250813165455.0</controlfield>
  <controlfield tag="008">170927s2008    pe a    rb    000 0 spa d</controlfield>
  <datafield tag="020" ind1=" " ind2=" ">
    <subfield code="a">9786034529205</subfield>
    <subfield code="q">(obra completa)</subfield>
  </datafield>
  <datafield tag="020" ind1=" " ind2=" ">
    <subfield code="a">9786034529243</subfield>
    <subfield code="q">(v. 1)</subfield>
  </datafield>
  <datafield tag="020" ind1=" " ind2=" ">
    <subfield code="a">9786124529207</subfield>
    <subfield code="q">(v. 2)</subfield>
  </datafield>
  <datafield tag="020" ind1=" " ind2=" ">
    <subfield code="a">9786034529212</subfield>
    <subfield code="q">(v. 3)</subfield>
  </datafield>
  <datafield tag="020" ind1=" " ind2=" ">
    <subfield code="a">9786124529214</subfield>
    <subfield code="q">(v. 4)</subfield>
  </datafield>
  <datafield tag="020" ind1=" " ind2=" ">
    <subfield code="a">9786124529283</subfield>
    <subfield code="q">(v. 5)</subfield>
  </datafield>
  <datafield tag="020" ind1=" " ind2=" ">
    <subfield code="a">9786034529229</subfield>
    <subfield code="q">(v. 6)</subfield>
  </datafield>
  <datafield tag="020" ind1=" " ind2=" ">
    <subfield code="a">9786124529276</subfield>
    <subfield code="q">(v. 7)</subfield>
  </datafield>
  <datafield tag="020" ind1=" " ind2=" ">
    <subfield code="a">9786124529245</subfield>
    <subfield code="q">(v. 8)</subfield>
  </datafield>
  <datafield tag="020" ind1=" " ind2=" ">
    <subfield code="a">9786034529236</subfield>
    <subfield code="q">(v. 9)</subfield>
  </datafield>
  <datafield tag="020" ind1=" " ind2=" ">
    <subfield code="a">9786124529252</subfield>
    <subfield code="q">(v. 10)</subfield>
  </datafield>
  <datafield tag="020" ind1=" " ind2=" ">
    <subfield code="a">9786124529290</subfield>
    <subfield code="q">(v. 11)</subfield>
  </datafield>
  <datafield tag="020" ind1=" " ind2=" ">
    <subfield code="a">9786124060021</subfield>
    <subfield code="q">(v. 12)</subfield>
  </datafield>
  <datafield tag="020" ind1=" " ind2=" ">
    <subfield code="a">9786034529267</subfield>
    <subfield code="q">(v. 13)</subfield>
  </datafield>
  <datafield tag="020" ind1=" " ind2=" ">
    <subfield code="a">9786034529274</subfield>
    <subfield code="q">(v. 14)</subfield>
  </datafield>
  <datafield tag="020" ind1=" " ind2=" ">
    <subfield code="a">9786124529269</subfield>
    <subfield code="q">(v. 15)</subfield>
  </datafield>
  <datafield tag="020" ind1=" " ind2=" ">
    <subfield code="a">9786124529221</subfield>
    <subfield code="q">(v. 16)</subfield>
  </datafield>
  <datafield tag="020" ind1=" " ind2=" ">
    <subfield code="a">9786124060007</subfield>
    <subfield code="q">(v. 17)</subfield>
  </datafield>
  <datafield tag="020" ind1=" " ind2=" ">
    <subfield code="a">9786124060014</subfield>
    <subfield code="q">(v. 18)</subfield>
  </datafield>
  <datafield tag="020" ind1=" " ind2=" ">
    <subfield code="a">9786124060038</subfield>
    <subfield code="q">(v. 19)</subfield>
  </datafield>
  <datafield tag="020" ind1=" " ind2=" ">
    <subfield code="a">9786034529250</subfield>
    <subfield code="q">(v. 20)</subfield>
  </datafield>
  <datafield tag="020" ind1=" " ind2=" ">
    <subfield code="a">9786034529281</subfield>
    <subfield code="q">(v. 21)</subfield>
  </datafield>
  <datafield tag="020" ind1=" " ind2=" ">
    <subfield code="a">9786124529238</subfield>
    <subfield code="q">(v. 22)</subfield>
  </datafield>
  <datafield tag="020" ind1=" " ind2=" ">
    <subfield code="a">9786124060045</subfield>
    <subfield code="q">(v. 23)</subfield>
  </datafield>
  <datafield tag="020" ind1=" " ind2=" ">
    <subfield code="a">9786124060052</subfield>
    <subfield code="q">(v. 24)</subfield>
  </datafield>
  <datafield tag="020" ind1=" " ind2=" ">
    <subfield code="a">9786124060069</subfield>
    <subfield code="q">(v. 25)</subfield>
  </datafield>
  <datafield tag="035" ind1=" " ind2=" ">
    <subfield code="a">(Sirsi) a239603</subfield>
  </datafield>
  <datafield tag="040" ind1=" " ind2=" ">
    <subfield code="a">PE-LiUPU</subfield>
    <subfield code="b">spa</subfield>
    <subfield code="c">PE-LiUPU</subfield>
    <subfield code="e">rda</subfield>
  </datafield>
  <datafield tag="049" ind1=" " ind2=" ">
    <subfield code="a">PRUA</subfield>
  </datafield>
  <datafield tag="082" ind1="0" ind2="4">
    <subfield code="a">610.720985</subfield>
    <subfield code="b">H5</subfield>
    <subfield code="2">20</subfield>
  </datafield>
  <datafield tag="245" ind1="0" ind2="0">
    <subfield code="a">Historia de la salud en el Per&#xFA; /</subfield>
    <subfield code="c">editor Academia Peruana de Salud.</subfield>
  </datafield>
  <datafield tag="250" ind1=" " ind2=" ">
    <subfield code="a">Primera edici&#xF3;n.</subfield>
  </datafield>
  <datafield tag="264" ind1=" " ind2="1">
    <subfield code="a">Lima :</subfield>
    <subfield code="b">Academia Peruana de Salud,</subfield>
    <subfield code="c">2008-2010.</subfield>
  </datafield>
  <datafield tag="300" ind1=" " ind2=" ">
    <subfield code="a">25 vol&#xFA;menes :</subfield>
    <subfield code="b">ilustraciones ;</subfield>
    <subfield code="c">21 cent&#xED;metros.</subfield>
  </datafield>
  <datafield tag="336" ind1=" " ind2=" ">
    <subfield code="a">text</subfield>
    <subfield code="2">rdacontent</subfield>
  </datafield>
  <datafield tag="337" ind1=" " ind2=" ">
    <subfield code="a">unmediated</subfield>
    <subfield code="2">rdamedia</subfield>
  </datafield>
  <datafield tag="338" ind1=" " ind2=" ">
    <subfield code="a">volume</subfield>
    <subfield code="2">rdacarrier</subfield>
  </datafield>
  <datafield tag="490" ind1="0" ind2=" ">
    <subfield code="a">Historia de la salud en el Per&#xFA;</subfield>
  </datafield>
  <datafield tag="504" ind1=" " ind2=" ">
    <subfield code="a">Bibliograf&#xED;a : p&#xE1;ginas al final de cada cap&#xED;tulo.</subfield>
  </datafield>
  <datafield tag="505" ind1="0" ind2=" ">
    <subfield code="a">Tomo 1.</subfield>
    <subfield code="a">La salud en la historia del Per&#xFA; -- Evoluci&#xF3;n conceptual de la salud -- Per&#xED;odo aut&#xF3;ctono -- Determinantes de la vida de Carri&#xF3;n -- Ciudad natal -- Educaci&#xF3;n -- Investigaci&#xF3;n cient&#xED;fica en su tiempo -- Situaci&#xF3;n econ&#xF3;mica, financiera, pol&#xED;tica y social -- Guerra con Chile -- Situaci&#xF3;n m&#xE9;dica -- Convocatoria al concurso sobre la verruga -- Inoculaci&#xF3;n experimental de la verruga -- Anuncio de la inoculaci&#xF3;n -- Anuncio del estado de gravedad de Carri&#xF3;n -- Diario de la enfermedad y muerte -- Definici&#xF3;n de Carri&#xF3;n -- Solemne inhumaci&#xF3;n de los restos -- Proceso judicial a don Evaristo M. Ch&#xE1;vez -- Comentario sobre inoculaciones -- Homenajes p&#xF3;stumos -- Monumentos a Carri&#xF3;n -- Deuda nacional.</subfield>
  </datafield>
  <datafield tag="505" ind1="0" ind2=" ">
    <subfield code="a">Tomo 2.</subfield>
    <subfield code="a">Per&#xED;odo de la conquista y vireinato -- La salud durante la creaci&#xF3;n de la Rep&#xFA;blica -- Per&#xED;odo de la Rep&#xFA;blica (1&#xBA; parte) -- El contexto colonial y virreinal -- El Per&#xFA; colonial y virreinal, su periodizaci&#xF3;n -- Una sociedad estamental, discriminatoria y corporativa -- La evangelizaci&#xF3;n y las idolatr&#xED;as -- Participaci&#xF3;n de la Iglesia en la administraci&#xF3;n del Estado colonial -- Educaci&#xF3;n escol&#xE1;stica y la ilustraci&#xF3;n -- La poblaci&#xF3;n y sus problemas de salud, enfermedad -- La despoblaci&#xF3;n ind&#xED;gena -- Limitaciones de la informaci&#xF3;n demogr&#xE1;fica -- Las plagas, epidemias y endemias -- Problemas de higiene urbana -- Mayores riesgos de la poblaci&#xF3;n no espa&#xF1;ola -- Organizaci&#xF3;n b&#xE1;sica de la polic&#xED;a sanitaria -- El real tribunal del Protomedicato 1570-1821 -- Junta conservadora del fluido vacuno: 1806-1821 -- Religi&#xF3;n, Iglesia y asistencia social en el Estado colonial -- Imaginario colectivo y fervor religioso -- Iglesia cat&#xF3;lica como administradora de la asistencia religiosa-social -- Asociaciones de caridad y de beneficiencia -- Acciones de polic&#xED;a sanitaria y de asistencia social -- Medidas de control de epidemias y endemias:1535-1821 -- Vacunaci&#xF3;n antivari&#xF3;lica:1805-1821 -- Medidas de higiene y de polic&#xED;a urbana -- Acciones de regulaci&#xF3;n de las boticas y boticarios -- Acciones de asistencia religiosa-social hospitalaria -- Acciones de asistencia social a los enfermos mentales -- Recursos humanos para el cuidado de la salud oficial -- Los gremios m&#xE9;dicos en el Per&#xFA; colonial -- Formaci&#xF3;n de los profesionales de la salud -- Recursos materiales para la asistencia religiosa-social -- Fundamentaci&#xF3;n cognitiva del cuidado de la salud oficial -- Legitimaci&#xF3;n del cuidado de la salud oficial y de la asistencia social.</subfield>
  </datafield>
  <datafield tag="505" ind1="0" ind2=" ">
    <subfield code="a">Tomo 3.</subfield>
    <subfield code="a">Per&#xED;odo de la Rep&#xFA;blica (2&#xBA; parte) -- La poblaci&#xF3;n y sus problemas de salud-enfermedad -- Informaci&#xF3;n demogr&#xE1;fica -- Las enfermedades transmisibles:1935-1968 -- Problemas ambientales:1935-1968 -- El problema ind&#xED;gena y las desigualdades en salud:1935-1968 -- Problemas de salud-enfermedad pol&#xED;ticamente prioritarios -- Organizaci&#xF3;n de la salud p&#xFA;blica y de los seguros sociales:1935-1968 -- Bases jur&#xED;dicas -- Creaci&#xF3;n del MSPTPS y los primeros a&#xF1;os del MSPAS:1935-1945 -- Ministerio de salud p&#xFA;blica y asistencia social(MSPAS):1945-1956 -- Ministerio de salud p&#xFA;blica y asistencia social(MSPAS):1957-1968 -- Organismos y servicios especiales del MSPTPS y del MSPAS -- Otras organizaciones productoras de servicio de salud:1935-1968 -- Creaci&#xF3;n e inicios de los seguros sociales:1936-1968 -- Experiencias de sanidad rural:1935-1968 -- Rijcharismo y la sanidad rural en Puno -- La sanidad terrestre y fluvial en el oriente selv&#xE1;tico:1942-1968 -- Otros programas especiales de sanidad rural:1958-1968 -- Acciones de salud p&#xFA;blica y recursos para la salud:1935-1968 -- Programas y acciones de salud p&#xFA;blica -- Recursos para el cuidado de la salud:1935-1968 -- Fundamentos cognitivos del cuidado de la salud:1935-1968 -- Desde la medicina asitencial -- Desde la medicina preventiva:1935-1968 -- Desde la medicina social:1935-1968 -- Desde la medicina integral:1945-1968 -- Desde la epidemiolog&#xED;a oficial:1935-1968 -- Desde la econom&#xED;a y la planificaci&#xF3;n de la salud:1945-1968 -- Legitimaci&#xF3;n del cuidado de la salud:1935-1968 -- Desde la econom&#xED;a y la planificaci&#xF3;n de la salud:1945-1968 -- Legitimaci&#xF3;n del cuidado de la salud:1935-1968 -- Legitimaci&#xF3;n en el mundo occidental -- Legitimaci&#xF3;n en el entorno latinoamericano -- Legitimaci&#xF3;n en el Per&#xFA;:1935-1968.</subfield>
  </datafield>
  <datafield tag="505" ind1="0" ind2=" ">
    <subfield code="a">Tomo 4.</subfield>
    <subfield code="a">An&#xE1;lisis hist&#xF3;rico de la tem&#xE1;tica de la salud en el Per&#xFA; -- El derecho a la salud -- Conceptos b&#xE1;sicos -- Marco conceptual -- Derecho a la salud al culminar la Segunda Guerra Mundial. Los tratados internacionales -- Evoluci&#xF3;n hist&#xF3;rica -- Per&#xED;odo aut&#xF3;ctono -- El derecho a la salud en la &#xE9;poca preincaica -- El derecho a la salud en el incanato -- Periodo de la conquista y vireinato. Leyes de las Indias -- Per&#xED;odo de la Rep&#xFA;blica -- El derecho a la salud en el siglo XIX -- El derecho a la salud en el siglo XX -- Visi&#xF3;n del futuro -- Anexos de textos constitucionales -- Derecho a la salud de las personas con discapacidad(PCD) -- Legislaci&#xF3;n sobre discapacidad -- &#xBF;Cu&#xE1;ntos son?, &#xBF;D&#xF3;nde estan?, &#xBF;Com&#xF3; est&#xE1;n? -- Del enfoque m&#xE9;dico al social: discapacidad y pobreza -- Nueva visi&#xF3;n:La comisi&#xF3;n especia de estudios sobre la discapacidad y la defensor&#xED;a del Pueblo -- Discapacidad, sociedad y salud -- Salud mental -- Contaminaci&#xF3;n ambiental: problemas de salud y discapacidad -- Otras exclusiones vinculadas a la salud de las PCD -- Lo laboral: una brecha a cerrar -- Educaci&#xF3;n y discapacidad: los ni&#xF1;os invisibles -- Accesibilidad, inclusi&#xF3;n social y gobiernos locales -- Rehabilitaci&#xF3;n basada en la comunidad -- Seguridad social -- Inversi&#xF3;n en salud -- Visi&#xF3;n del futuro -- Agenda pendiente respecto al derecho a la salud de las PCD -- Plan de igualdad de oportunidades: propuesta inconclusa, agenda pendiente -- Derechos sexuales y reproductivos -- Conferencia Internacional sobre Poblaci&#xF3;n y desarrollo -- Antecedentes -- Temas, objetivos y medidas de la conferencia -- Retrocesos pos el Cairo -- Sin salud reproductiva no hay desarrollo: El cairo como requisito para cumplir los objetivos de desarrollo del milenio -- Aportes de el Cairo doce a&#xF1;os despu&#xE9;s, cerrando brechas -- Visi&#xF3;n de futuro -- Conferencia mundial sobre la mujer, beijing -- Antecedentes -- Derechos sexuales y reproductivos -- Visi&#xF3;n del futuro -- Violencia basada en el g&#xE9;nero: derechos y salud p&#xFA;blica -- Introducci&#xF3;n -- Marco conceptual -- Hitos en la agenda sanitaria -- Incorporaci&#xF3;n de la violencia de g&#xE9;nero en la agenda de derechos humanos y de salud p&#xFA;blica -- visi&#xF3;n del futuro.</subfield>
  </datafield>
  <datafield tag="505" ind1="0" ind2=" ">
    <subfield code="a">Tomo 5.</subfield>
    <subfield code="a">Din&#xE1;mica demogr&#xE1;fica y salud -- La  poblaci&#xF3;n del Per&#xFA; y su evoluci&#xF3;n hist&#xF3;rica -- Poblaci&#xF3;n del Per&#xFA; prehisp&#xE1;nico -- La crisis demogr&#xE1;fica del siglo XVI -- La poblaci&#xF3;n del Per&#xFA; durante el virreinato -- Las visitas -- Los c&#xF3;mputos poblacionales -- Recapitulaci&#xF3;n -- Poblaci&#xF3;n del Per&#xFA; en el siglo XIX -- La recuperaci&#xF3;n demogr&#xE1;fica -- Censo nacional de poblaci&#xF3;n y ocupaci&#xF3;n de 1940-- La situaci&#xF3;n poblacional del Per&#xFA; 1940-2007 -- Fuentes de informaci&#xF3;n demogr&#xE1;fica -- Poblaci&#xF3;n total: crecimiento y volumen -- Componentes del crecimiento de la poblaci&#xF3;n -- Mortalidad -- Fecundidad -- Composici&#xF3;n por sexo -- Composici&#xF3;n por edad -- &#xCD;ndice de dependencia -- Composici&#xF3;n de la poblaci&#xF3;n seg&#xFA;n el idioma hablado -- Composici&#xF3;n seg&#xFA;n la tasa de alfabetismo -- Composici&#xF3;n de la poblaci&#xF3;n seg&#xFA;n el tipo de actividad econ&#xF3;mica -- Distribuci&#xF3;n espacial de la poblaci&#xF3;n -- Poblaci&#xF3;n urbana y poblaci&#xF3;n rural -- Distribuci&#xF3;n por regiones naturales -- Densidad -- Crecimiento poblacional y contexto pol&#xED;tico -- Las primeras apreciaciones demogr&#xE1;ficas contempor&#xE1;neas y su utilizaci&#xF3;n -- Disposiciones relacionadas espec&#xED;ficamente con la poblaci&#xF3;n -- Centro de estudios de poblaci&#xF3;n y desarrollo -- Lineamientos de pol&#xED;tica de poblaci&#xF3;n en el Per&#xFA;(1976) -- Comisi&#xF3;n especial de poblaci&#xF3;n(1980) -- Consejo nacional de poblaci&#xF3;n(1980) -- Ley de pol&#xED;tica nacional de poblaci&#xF3;n(1985) -- Ley org&#xE1;nica del consejo nacional de poblaci&#xF3;n 1987-1990 -- Programa nacional de poblaci&#xF3;n 1991-1995 -- Pol&#xED;tica de poblaci&#xF3;n en los planes nacionales de desarrollo y en presentaciones internacionales -- Los planes nacionales de desarrollo -- La pol&#xED;tica poblacional peruana en presentaciones internacionales -- Consideraciones acerca de la pol&#xED;tica de poblaci&#xF3;n del Per&#xFA; -- &#xBF;Existe una pol&#xED;tica poblacional en el Per&#xFA;? -- Caracter&#xED;sticas de la pol&#xED;tica poblacional peruana -- La pol&#xED;tica de poblaci&#xF3;n vigente -- Pol&#xED;ticas de poblaci&#xF3;n y prioridades del desarrollo nacional -- La problem&#xE1;tica poblacional y los partidos pol&#xED;ticos -- Los procesos electorales 1945-1963 -- El proceso electoral de 1980 -- La problem&#xE1;tica poblacional peruana y la iglesia cat&#xF3;lica -- Pastoral del Episcopado Peruano(1968) -- Familia y poblaci&#xF3;n(1974) -- La iglesia y la ley de pol&#xED;tica nacional de poblaci&#xF3;n -- Mensaje de los obispos de 1987 -- Problem&#xE1;tica de la pol&#xED;tica poblacional: recapitulaci&#xF3;n -- Poblaci&#xF3;n y planificaci&#xF3;n familiar en el Per&#xFA; -- Estado y planificaci&#xF3;n familiar. Antecedentes institucionales -- El sector privado y la planificaci&#xF3;n familiar -- Los m&#xE9;todos de planificaci&#xF3;n familiar en el Per&#xFA; -- Recapitulaci&#xF3;n: ENDES 1986,2000 y 2004 -- El Per&#xFA; y su crecimiento poblacional hasta el a&#xF1;o 2050 -- La historia de las proyecciones sobre la poblaci&#xF3;n peruana -- Las proyecciones de poblaci&#xF3;n realizadas despu&#xE9;s de 1980 -- Las proyecciones del siglo XXI -- El impacto del cambio de la estructura por edades.</subfield>
  </datafield>
  <datafield tag="505" ind1="0" ind2=" ">
    <subfield code="a">Tomo 6.</subfield>
    <subfield code="a">Sistema nacionall de salud -- Creaci&#xF3;n y reformas -- Modelos de sistema nacional de salud -- Primeros impulsos en Am&#xE9;rica -- Evaluaci&#xF3;n de los sistemas nacionales de salud -- Los sistemas y sus caracter&#xED;sticas -- Aspectos generales -- Organizaci&#xF3;n del sistema en el Per&#xFA; -- Evaluaci&#xF3;n del sistema nacional de salud -- Evoluci&#xF3;n hist&#xF3;rica del sistema de salud en el Per&#xFA; -- Creaci&#xF3;n de la rector&#xED;a de salud y de las juntas de sanidad -- Esbozo virreinal y republicano (1537-1903) -- Comienzo de la rector&#xED;a de salubridad (1903-1935) -- Construcci&#xF3;n de la rector&#xED;a de salud (desde 1935) -- Semblanzas -- Caja Nacional de Seguro Social (1936) -- Organizaci&#xF3;n general de la caja -- Inicio del proceso de construcci&#xF3;n de la red de infraestructura propia -- Hospital Obrero de Lima -- Inaguraci&#xF3;n del hospital -- Seguro Social del empleado (1947) -- Hospitales del seguro -- Tensa divergencia social con los m&#xE9;dicos de Lima -- Lenta construcci&#xF3;n del hospital central del empleado -- Apertura del hospital por el gobierno de Prado -- La huelga m&#xE9;dica -- Interpelaci&#xF3;n -- Conciliaci&#xF3;n, soluciones y consecuencias -- Semblanzas -- La reforma universitaria y su repercusi&#xF3;n en el sistema de salud (1961) -- Estrategia y triunfo estudiantil -- Nuevo escenario en la Facultad de medicina -- Impacto en el sistema nacional de salud -- Integraci&#xF3;n caja nacional de seguro social del Per&#xFA; (1973) -- Normas de la integraci&#xF3;n -- Conformaci&#xF3;n de dos macro regiones -- Significado de la creaci&#xF3;n del seguro social del Per&#xFA; -- Instituto peruano de seguridad social y Essalud -- Creaci&#xF3;n del sistema nacional de servicios de salud (1978) -- Finalidad, organizaci&#xF3;n y acciones -- Coincidencia con la Constituci&#xF3;n Pol&#xED;tica de 1979 -- Logros -- El primer plan nacional de atenci&#xF3;n primaria de salud -- Consideraciones finales -- Integraci&#xF3;n funcional Ministerio de Salud (1986) -- Caracter&#xED;sticas de la situaci&#xF3;n previa -- Integraci&#xF3;n funcional -- Objetivos generales de la integraci&#xF3;n funcional -- Organizaci&#xF3;n, planificaci&#xF3;n y realidad -- Ejecuci&#xF3;n y dificultades -- Desintegraci&#xF3;n -- Sistema Nacional de Salud (1990) Decreto legislativo N&#xAA;584 y su reglamento -- Zonadis -- Giro neoliberal y la nueva constituci&#xF3;n pol&#xED;tica de 1993 -- Clas -- Sistema nacional coordinado y descentralizado de salud (2002) -- Reformas de salud en el mundo y la propuesta de reforma iniciada en el Per&#xFA; -- Ley N&#xBA;27813 del SNCDS -- Aseguramiento Universal solidario en Salud -- Servicio de medicina y salud comunitaria -- Acceso universal a medicamentos esenciales gen&#xE9;ricos de calidad -- Consideraciones finales -- Visi&#xF3;n del futuro -- Rector&#xED;a (1935) -- Financiamiento contributivo: Seguro social (1936) -- Financiamiento impositivo: Fondo Nacional de salud y bienestar social (1951) -- Desconcentraci&#xF3;n: &#xC1;reas y unidades de salud (1957) -- Desarrollo de infraestructura y financiamiento externo: Plan nacional hospitalario (1959) -- Programa de medicamentos b&#xE1;sicos (1971) -- Creaci&#xF3;n y organizaci&#xF3;n del sistema nacional de servicios de salud (1978).</subfield>
  </datafield>
  <datafield tag="505" ind1="0" ind2=" ">
    <subfield code="a">Tomo 7.</subfield>
    <subfield code="a">Descentralizaci&#xF3;n en salud -- Evoluci&#xF3;n hist&#xF3;rica -- Tawantinsuyo -- Organizaci&#xF3;n pol&#xED;tica del virreinato -- Inicios de la rep&#xFA;blica centralizada -- Rep&#xFA;blica centralista versus rep&#xFA;blica federal, 1821-1822 -- Organizaci&#xF3;n del poder central y formas desconcentradas, 1823 -- La constituci&#xF3;n vitalicia: el sue&#xF1;o federalista de Bol&#xED;var, 1826 -- Retorno a la rep&#xFA;blica unitaria centralizada, 1828 -- Confederaci&#xF3;n Per&#xFA;-Boliviana: ensayo frustado de rep&#xFA;blica federal -- Restauraci&#xF3;n de la rep&#xFA;blica autoritaria, 1839 -- El retorno al liberalismo: juntas departamentales y otras modificaciones conservadoras a la constituci&#xF3;n,1856-1860 -- Reglamento de municipalidades y de la polic&#xED;a municipal, 1866 -- Restituci&#xF3;n formal de las juntas departamentales, 1873 -- La guerra del pac&#xED;fico y la desarticulaci&#xF3;n del pa&#xED;s, 1879-1884 -- Reconstrucci&#xF3;n nacional de posguerra, 1886-1894 -- El estado federal de Loreto, 1896 -- Procesos de regionalizaci&#xF3;n y descentralizaci&#xF3;n en el siglo XX -- Retorno dell autoritismo centralista, 1919-1929 -- El retorno del militarismo y la constituci&#xF3;n de 1933 -- Plan Inca y plan T&#xFA;pac Amaru del gobierno de la fuerza armada, asamblea constituyente -- Constituci&#xF3;n de 1979 y ley de bases de la regionalizaci&#xF3;n de 1987 -- El proceso de descentralizaci&#xF3;n, 1989-1992 -- Constituci&#xF3;n de 1993: retroceso centralista -- El proceso de descentralizaci&#xF3;n desde 2002 -- Propuesta de regionalizaci&#xF3;n en el siglo XX -- La descentralizaci&#xF3;n del sector salud -- La descentralizaci&#xF3;n del sector salud en Chile, Colombia y Brasil -- Evoluci&#xF3;n hist&#xF3;rica -- Hacia la descentraliaci&#xF3;n del sector salud -- Centralismo y control sanitario de las epidemias, 1900-1930 -- Creaci&#xF3;n del ministerio de salud y organizaci&#xF3;n de los servicios de salud p&#xFA;blica, 1935-1950 -- Creacion del seguro social obrero, 1936 y del seguro del empleado, 1947 -- Desconcentraci&#xF3;n administrativa del sector p&#xFA;blico de salud, 1957 -- Creaci&#xF3;n del sistema nacional de servicios de salud, consejo nacional de salud y consejos regionales de salud, 1978 -- Conformaci&#xF3;n de los organismos de desarrollo regional - ORDES,1979 -- Conformaci&#xF3;n de las regiones de salud dependientes del ministerio de salud, 1989-1992 -- Autogolpe de Alberto Fujimori: nueva centralizaci&#xF3;n en salud, 1992-2000 -- Comit&#xE9;s locales de administraci&#xF3;n de salud: participaci&#xF3;n y desconcentraci&#xF3;n -- Propuesta de desconcentraci&#xF3;n de la salud y educaci&#xF3;n en 1999 -- El proceso de descentralizaci&#xF3;n del sector salud a partir de 2002 -- Marco normativo y de concertaci&#xF3;n -- Avances de la descentralizaci&#xF3;n del sector salud -- Inicio de la transferencia de funciones: 2005 -- Temas pendientes de la descentralizaci&#xF3;n del sector salud en los gobiernos regionales -- La transferencia de las funciones de salud a los gobiernos locales -- Visi&#xF3;n del futuro.</subfield>
  </datafield>
  <datafield tag="505" ind1="0" ind2=" ">
    <subfield code="a">Tomo 8.</subfield>
    <subfield code="a">Alimentaci&#xF3;n y nutrici&#xF3;n -- Evoluci&#xF3;n hist&#xF3;rica: la paleonutrici&#xF3;n -- Nutrici&#xF3;n del hombre prehist&#xF3;rico -- Antiguedad y nutrici&#xF3;n del hombre primitivo peruano -- La pol&#xED;tica agraria y la nutrici&#xF3;n en el Tawantinsuyo -- Contribuci&#xF3;n peruana a la alimentaci&#xF3;n mundial -- La dieta del antiguo peruano y las perspectivas modernas -- Rol del nutricionista -- Nutrici&#xF3;n en el incanato -- Introducci&#xF3;n -- Salud del poblador -- Prote&#xED;na animal y vegetal -- Recursos ictiol&#xF3;gicos -- Optimizaci&#xF3;n de los recursos -- L&#xED;pidos -- Hortalizas -- Suplementos minerales -- Oligoelementos de origen vegetal -- Procesamiento y conservaci&#xF3;n de alimentos -- Almacenaje de alimentos -- Pr&#xE1;cticas culinarias -- Labores preparatorias -- Preparaci&#xF3;n de la comida -- Consumo de alimentos -- La nutrici&#xF3;n incaica y la contempor&#xE1;nea -- El mensaje incaico -- Alimentaci&#xF3;n en el virreinato -- Introducci&#xF3;n -- Alimentaci&#xF3;n variada -- Frutas y frutales -- Crianza de animales -- Alimentaci&#xF3;n afroamericana -- Agricultura y regad&#xED;o -- Consumo diversificado y comercio especulativo en Lima -- Plantas alimenticias que llegaron a Espa&#xF1;a -- Introducci&#xF3;n -- Frutales -- Ca&#xF1;a de azucar -- Cereales -- Hortalizas y hierbas -- Granos, menestras y otros -- Alimentaci&#xF3;n y nutrici&#xF3;n en el siglo XIX -- Introducci&#xF3;n -- H&#xE1;bitos alimentarios -- Tecnolog&#xED;a alimentaria -- Estado nutricional -- Nutrici&#xF3;n en la Rep&#xFA;blica -- Introducci&#xF3;n -- Conceptos b&#xE1;sicos -- Aspectos generales -- Programas de alimentaci&#xF3;n -- Evoluci&#xF3;n del consumo de productos dulces -- Cambios que introdujo la industria frigor&#xED;fica -- Cambios en la alimentaci&#xF3;n y el proceso productivo -- Iniciativas acad&#xE9;micas -- Nutrici&#xF3;n pedi&#xE1;trica -- Introducci&#xF3;n -- Formaci&#xF3;n de nutricionistas -- Nutrici&#xF3;n del ni&#xF1;o -- Prevenci&#xF3;n y control de la deficiencia de yodo: m&#xE1;s all&#xE1; de una experiencia existosa, una lecci&#xF3;n de vida -- Introducci&#xF3;n -- Aspectos generales -- El yodo, importancia en la nutrici&#xF3;n humana y animal -- Necesidades y recomendaciones nutricionales de yodo -- Fuentes diet&#xE9;ticas de yodo -- Des&#xF3;rdenes por deficiencia de yodo: problema de salud p&#xFA;blica en el mundo -- Medidas de intervenci&#xF3;n -- Avances globales -- Prevenci&#xF3;n y control de los des&#xF3;rdenes por deficiencia de yodo -- Antecedentes hist&#xF3;ricos -- Legislaci&#xF3;n y normas actuales -- Programa nacional de control de bocio y cretinismo end&#xE9;micos -- Logros -- Estado nutricional del yodo en la poblaci&#xF3;n -- Lecciones aprendidas -- Aspectos pendientes.</subfield>
  </datafield>
  <datafield tag="505" ind1="0" ind2=" ">
    <subfield code="a">Tomo 9.</subfield>
    <subfield code="a">Sexualidad en el antiguo Per&#xFA; -- Introducci&#xF3;n -- Formas amorosas -- Caricias, besos y manoseo genital -- Pr&#xE1;cticas que rodeaban al acto copulatorio -- Parejas de adultos y casos de pedofilia -- C&#xF3;pulas presenciadas por terceras personas -- Posturas coitales -- Formas de erotismo -- Coito anal heterosexual -- Felaci&#xF3;n y cunnilingus -- Masturbaci&#xF3;n -- Homosexualidad -- Homosexualidad masculina -- Lesbianismo -- Homosexuales m&#xED;ticos -- Hermafroditismo, ginecomastia y travestismo -- Hermafroditismo -- Ginecomastia -- Travestismo -- Zooerastia masculina y femenina -- El ucuco -- Zooerastia con cam&#xE9;lidos -- Zooerastia femenina -- Mitos sobre zooerastia y pseudozooerastia -- Sexualidad en el inkario y sus sobrevivencias (I) -- Acercamiento -- Galanteo -- Flores para engalanarse y otros adornos -- M&#xFA;sica y poes&#xED;a como agentes de seducci&#xF3;n -- Seducci&#xF3;n con amuletos -- Virginidad vilipendiada -- Desfloramiento -- En torno a la elecci&#xF3;n de una mujer -- Casamiento -- Necropompa y levirato andino -- Monogamia y poligamia -- Los aqliawasi(es): emporio de mujeres y su reparto -- Sexualidad en el inkario y sus sobrevivencias(II) -- Pr&#xE1;cticas amorosas en la intimidad -- Afrodis&#xED;acos y anafrodis&#xED;acos -- Embarazo y parto -- Ritos al llegar a la pubertad -- &#xBF;Dolencias de origen ven&#xE9;reo? -- &#xBF;S&#xED;filis? -- Sexualidad en el inkario y sus sobrevivencias(III) -- Prostituci&#xF3;n -- Repudio a las relaciones homosexuales -- Homosexualidad con visos religiosos -- Incesto -- Severidad de los castigos por delitos sexuales -- Ep&#xED;logo.</subfield>
  </datafield>
  <datafield tag="505" ind1="0" ind2=" ">
    <subfield code="a">Tomo 10.</subfield>
    <subfield code="a">Salud materno infantil -- Introducci&#xF3;n -- Evoluci&#xF3;n hist&#xF3;rica -- Per&#xED;odo aut&#xF3;ctono -- El parto y la alimentaci&#xF3;n -- Ni&#xF1;ez y juventud -- El matrimonio y la mujer -- Per&#xED;odo de la conquista y virreinato -- Cuidado de la madre -- Situaci&#xF3;n del ni&#xF1;o -- Per&#xED;odo de la rep&#xFA;blica -- Salud materna -- Escuela de partos y casa de maternidad de Lima -- C&#xE1;tedra de Ginecolog&#xED;a -- La operaci&#xF3;n ces&#xE1;rea -- Sociedad peruana de ginecolog&#xED;a y obstetricia -- El control prenatal -- La salud materna desde la segunda mitad del siglo XX -- Salud infantil -- La sociedad auxiliadora de la infancia y la protecci&#xF3;n del ni&#xF1;o -- Acciones del estado -- Hospital del ni&#xF1;o -- Sociedad peruana de pediatr&#xED;a -- Ense&#xF1;anza de la pediatr&#xED;a -- Instituto de Neonatolog&#xED;a y protecci&#xF3;n materno infantil -- Visi&#xF3;n del futuro -- La mujer y el ni&#xF1;o en la historia de la salud p&#xFA;blica peruana -- El proceso en el mundo occidental: del siglo XVI al final del siglo XX -- El proceso en el Per&#xFA;: 1535-2002 -- Apreciaci&#xF3;n de resultados del proceso peruano -- Interpretaci&#xF3;n del proceso en su contexto -- Comentarios y conclusi&#xF3;n sobre el proceso peruano.</subfield>
  </datafield>
  <datafield tag="505" ind1="0" ind2=" ">
    <subfield code="a">Tomo 11.</subfield>
    <subfield code="a">Salud mental -- Introducci&#xF3;n -- Desarrollo hist&#xF3;rico del concepto de salud mental -- Panorama de la salud mental en el mundo -- La salud mental en el Per&#xFA; -- Evoluci&#xF3;n hist&#xF3;rica -- Per&#xED;odo aut&#xF3;ctono -- Concepci&#xF3;n de la salud y la enfermedad mental en el antiguo Per&#xFA; -- Prevalencia de los trastornos mentales -- Los m&#xE9;todos terap&#xE9;uticos -- Per&#xED;odo de la conquista y virreinato -- Concepci&#xF3;n de la salud y la enfermedad mental durante el virreinato -- Las instituciones para la atenci&#xF3;n de enfermos mentales -- La loquer&#xED;a del hospital de San Andr&#xE9;s -- Las loquer&#xED;as del hospital de Santa Ana y del hospital de la Caridad -- Per&#xED;odo de la rep&#xFA;blica -- Cuidado de la salud mental -- Continuidad de las loquer&#xED;as durante la rep&#xFA;blica -- El Hospital Civil de la Misericordia -- El asilo colonia de la magdalena -- La transformaci&#xF3;n del asilo en el hospital V&#xED;ctor Larco Herrera -- La descentralizaci&#xF3;n de la atenci&#xF3;n de la salud mental en los hospitales generales(1940-1970) -- Desarrollo de nuevas instituciones psiqui&#xE1;tricas -- Servicios de psiquiatr&#xED;a y salud mental en el hospitales generales y otros servicios de salud -- Programas de salud mental en la comunidad -- Acciones de promoci&#xF3;n y prevenci&#xF3;n de la salud mental -- Situaci&#xF3;n de los servicios de salud mental a inicios del siglo XXI -- Situaci&#xF3;n de la salud mental -- Los estudios epidemiol&#xF3;gicos -- La situaci&#xF3;n de los derechos humanos y la salud mental -- Estado actual de la situaci&#xF3;n de la salud mental -- Legislaci&#xF3;n, normatividad y pol&#xED;ticas p&#xFA;blicas -- Leyes y proyectos de ley en la salud mental -- Legislaci&#xF3;n sobre control de tr&#xE1;fico y consumo de drogas -- Rector&#xED;a y normatividad en salud mental desde el Ministerio de salud -- Desarrollo de pol&#xED;ticas p&#xFA;blicas en salud mental -- Legislaci&#xF3;n, derechos humanos y asistencia psiqui&#xE1;trica -- Psicolog&#xED;a de la salud.</subfield>
  </datafield>
  <datafield tag="505" ind1="0" ind2=" ">
    <subfield code="a">Tomo 12.</subfield>
    <subfield code="a">Control de enfermedades transmisibles y zoonosis -- Introducci&#xF3;n -- Conceptos b&#xE1;sicos -- Evoluci&#xF3;n hist&#xF3;rica -- Per&#xED;odo aut&#xF3;ctono -- Culturas preincaicas -- Cultura incaica -- Conquista y virreinato -- Per&#xED;odo de transici&#xF3;n -- Per&#xED;odo de la rep&#xFA;blica -- Etapa 1856-1900 -- Etapa 1901-1934 -- Etapa 1935-1950 -- Etapa 1951-1970 -- Etapa 1971-1990 -- Etapa 1991-2005 -- Situaci&#xF3;n de las enfermedades transmisibles hasta 2006 -- Enfermedades y zoonosis -- &#xC1;ntrax -- C&#xF3;lera -- Dengue y dengue hemorr&#xE1;gico -- Enfermedad de Chagas o tripanosomiasis americana -- Fiebre amarrilla -- Lepra -- Malaria -- Peste -- Poliomielitis aguda -- Rabia -- Sarampi&#xF3;n y rube&#xF3;la -- Tuberculosis -- VIH/sida -- Viruela.</subfield>
  </datafield>
  <datafield tag="505" ind1="0" ind2=" ">
    <subfield code="a">Tomo 13.</subfield>
    <subfield code="a">Control de enfermedades no transmisibles -- Introducci&#xF3;n -- Aspectos generales -- Epidemiolog&#xED;a -- Evoluci&#xF3;n hist&#xF3;rica -- Per&#xED;odo aut&#xF3;ctono -- Per&#xED;odo de la conquista y virreinato -- Per&#xED;odo de la Rep&#xFA;blica -- Visi&#xF3;n del futuro.</subfield>
  </datafield>
  <datafield tag="505" ind1="0" ind2=" ">
    <subfield code="a">Tomo 14.</subfield>
    <subfield code="a">Preparaci&#xF3;n para emergencias y desastres -- Historia de la salud en las grandes contingencias: emergencias y desastres -- Per&#xED;odo aut&#xF3;ctono -- Conquista y virreinato -- Rep&#xFA;blica -- Hitos en la &#xFA;ltima centuria -- Eventos adversos en el siglo XX -- 1970:terremoto en el litoral norte y aluvi&#xF3;n en el Callej&#xF3;n de Huaylas -- 1980-2000:terrorismo -- 1982-83: fen&#xF3;meno El ni&#xF1;o -- 1991: historia del c&#xF3;lera en el Per&#xFA; -- 2001: incendio en Mesa Redonda, Lima -- Instituciones, innovaciones y contribuciones -- 1912: la Asistencia p&#xFA;blica (cronolog&#xED;a de los servicios de emergencias) -- 1965: Plan hospitalario para desastres, hospital central de la Polic&#xED;a nacional del Per&#xFA; -- 1978: primeras asociaciones profesionales en la especialidad de medicina de emergencias y desastres -- 1980: Hospital de emergencias "Jos&#xE9; Casimiro Ulloa" -- Cuerpo general de bomberos voluntarios del Per&#xFA;: Direcci&#xF3;n de sanidad y atenci&#xF3;n pre hospilataria -- 1982: Plan operativo para las atenciones de emergencia -- 1982: Sociedad Peruana de medicina de emergencias y desastres: los a&#xF1;os fundacionales -- 1983: unidades de shock-trauma: la primera experiencia -- 1985: Oficina general de defensa nacional, ministerio de salud -- 1985: Simulacro de desastre en Lima metropolitana -- 1986: la comisi&#xF3;n del proyecto SELICA -- 1987: estudios de vulnerabilidad s&#xED;smica de hospitales -- 1989: publicaci&#xF3;n de libro "Urgencias en medicina interna" -- 1992: Segunda especializaci&#xF3;n en medicina de emergencias y desastres: creaci&#xF3;n del programa en la Universidad Nacional Mayor de San Marcos -- 1999: Consejo peruano de reanimaci&#xF3;n -- 2002: acreditaci&#xF3;n de la calidad de la formaci&#xF3;n y el ejercicio profesional de la especialidad de medicina de emergencias y desastres -- 2002: medicina de emergenncias y desastres en el pregrado universitario: Universidad Nacional Mayor de San Marcos -- Historia de los servicios de emergencia en la sanidad militar -- Sanidad de Polic&#xED;a: aporte institucional en medicina de emergencias y desastres -- 2002: El consejo nacional de salud y la propuesta de creaci&#xF3;n del sistema nacional de protecci&#xF3;n y asistencia m&#xE9;dicac para emergencias y desastres -- Otras actividades en los antiguos servicios de emergencia en hospitales de Lima (historias de un porta historias) -- El Instituto nacional de defensa civil -- El programa de preparativos para desastres y coordinaci&#xF3;n de la ayuda internacional de la organizaci&#xF3;n panamericana de salud -- Herramientas para el desarrollo de la protecci&#xF3;n de salud para emergencias y desastres -- Investigaci&#xF3;n y producci&#xF3;n cient&#xED;fica y t&#xE9;cnica en medicina de emergencias y desastres -- La mitigaci&#xF3;n del riesgo de desastres: un lento proceso social.</subfield>
  </datafield>
  <datafield tag="505" ind1="0" ind2=" ">
    <subfield code="a">Tomo 15.</subfield>
    <subfield code="a">Rehabilitaci&#xF3;n -- Introducci&#xF3;n -- Conceptos b&#xE1;sicos, marco y aspectos generales -- Evoluci&#xF3;n hist&#xF3;rica -- Per&#xED;odo aut&#xF3;ctono -- Conquista y virreinato -- Per&#xED;odo de la rep&#xFA;blica -- Rehabilitaci&#xF3;n en la cultura andina contempor&#xE1;nea -- Asociaciones de personas con discapacidad, 1920 -- Rehabilitaci&#xF3;n en los sectores educaci&#xF3;n y privado, 1952 -- Hogar Cl&#xED;nica San Juan de Dios, 1952 -- Primeras asociaciones civiles, 1955 -- Patronato peruano de rehabilitaci&#xF3;n y educaci&#xF3;n especial -- Instituto peruano de rehabilitaci&#xF3;n -- Sociedad peruana de medicina f&#xED;sica y rehabilitaci&#xF3;n -- Sociedad peruana de medicina f&#xED;sica y rehabilitaci&#xF3;n, 1955 -- Inicio de la educaci&#xF3;n especial, 1958 -- Centro de rehabilitaci&#xF3;n de ciegos de Lima, 1959 -- Asociaci&#xF3;n m&#xE9;dica latinoamericana de rehabilitaci&#xF3;n, 1961 -- Primeras asociaciones de voluntarias, 1963 -- Asociaci&#xF3;n peruana de terapia ocupacional, 1972 -- Primeras entidades exclusivas para la rehabilitaci&#xF3;n profesional, 1974 -- El papel del estado en la rehabilitaci&#xF3;n, 1953 -- Inicio de la kinesiolog&#xED;a, 1953 -- Inicio de los servicios de rehabilitaci&#xF3;n, 1954 -- Inicio de la docencia universitaria, 1962 -- Deporte para personas con discapacidad, 1963 -- Instituto nacional de rehabilitaci&#xF3;n, 1962 -- Marcha al Congreso de la Rep&#xFA;blica, 1980 -- Consejo nacional para la integraci&#xF3;n del impedido, 1985 -- Rehabilitaci&#xF3;n basada en la comunidad, 1988 -- Derechos de las personas con discapacidad, 1993 -- Investigaci&#xF3;n en discapacidad, 1993 -- Enfoque epidemiol&#xF3;gico de la discapacidad, 1995 -- El Per&#xFA; y las clasificaciones internacionales, 1966 -- An&#xE1;lisis de la situaci&#xF3;n de salud respecto a la discapacidad, 1998 -- Certificaci&#xF3;n de la discapacidad, 2000 -- Recursos para la atenci&#xF3;n de personas con discapacidad y algunos datos sobre su estatus -- Servicios de rehabilitaci&#xF3;n de Lima y provincias -- Personas con discapacidad que han destacado excepcionalmente -- Visi&#xF3;n del futuro -- La vigilancia epidemiol&#xF3;gica de la discapacidad -- Vivir con calidad -- Investigaci&#xF3;n sobre discapacidad -- La prevenci&#xF3;n de la discapacidad -- Cambio cultural en la sociedad -- Perspectivas de la rehabilitaci&#xF3;n en el Per&#xFA; -- Recomendaciones.</subfield>
  </datafield>
  <datafield tag="505" ind1="0" ind2=" ">
    <subfield code="a">Tomo 16.</subfield>
    <subfield code="a">Salud ambiental -- Conceptos b&#xE1;sicos y aspectos generales -- Per&#xED;odo aut&#xF3;ctono -- Per&#xED;odo  de la conquista y virreinato -- Problemas de higiene urbana -- El cabildo y la polic&#xED;a sanitaria -- Medidas de higiene y de polic&#xED;a urbana -- Establecimiento de normas de higiene y polic&#xED;a urbana -- Obras de higiene y polic&#xED;a urbana -- Per&#xED;odo de la rep&#xFA;blica -- Etapa 1826-1902 -- Problemas ambientales -- Juntas de sanidad y municipios -- Obras de saneamiento urbano -- Fundamentos de la sanidad p&#xFA;blica -- Etapa 1903-1934 -- Problemas ambientales -- Pol&#xED;ticas p&#xFA;blicas de salud ambiental -- Marco institucional y jur&#xED;dico -- Ministerio de fomento y obras p&#xFA;blicas, direcci&#xF3;n de salubridad p&#xFA;blica -- Establecimiento de normas de salubridad -- Acciones o programas -- Obras de saneamiento -- Municipalidad provincial de Lima -- Organizaciones de cooperaci&#xF3;n -- Fundamentos de la salubridad p&#xFA;blica -- Etapa 1935-1968 -- Problemas ambientales -- Pol&#xED;ticas de salud ambiental -- Marco institucional y jur&#xED;dico -- Ministerio de fomento y obras p&#xFA;blicas, obras sanitarias -- Ministerio de salud p&#xFA;blica, trabajo y previsi&#xF3;n social -- Ministerio de salud p&#xFA;blica y asistencia social -- Servicio cooperativo interamericano de salud p&#xFA;blica, 1942-1962 -- Servicio especial de salud p&#xFA;blica y asistencia social -- Servicio cooperativo interamericano de salud p&#xFA;blica, 1942-1962 -- Servicio especial de salud p&#xFA;blica, 1962-1968 -- Divisi&#xF3;n de ingenier&#xED;a sanitaria, 1960-1968 -- Servicios de saneamiento en &#xE1;mbitos locales, 1942-1968 -- Inversiones en saneamiento y salud -- Municipalidades y otras instituciones p&#xFA;blicas -- Organizaciones de cooperaci&#xF3;n -- Formaci&#xF3;n de recursos humanos -- Escuela nacional de ingenieros -- Escuela de salud p&#xFA;blica -- Fundamentos de la salud p&#xFA;blica -- Semblanza del ingeniero Alejandro Vinces Araoz -- Etapa 1969-1990 -- Problemas ambientales -- Pol&#xED;ticas p&#xFA;blicas de salud ambiental -- Marco institucional y jur&#xED;dico -- Ministerio de vivienda y construcci&#xF3;n -- Ministerio de salud -- Municipalidades y otras instituciones p&#xFA;blicas -- Organizaciones de cooperaci&#xF3;n -- Formaci&#xF3;n de recursos humanos -- UNI, Facultad de Ingenier&#xED;a Sanitaria -- Escuela de salud p&#xFA;blica -- Fundamentos de la salud p&#xFA;blica -- Etapa 1991-2000 -- Pol&#xED;ticas p&#xFA;blicas de salud ambiental -- Marco institucional y jur&#xED;dico -- Ordenamiento institucional -- Cambios normativos -- Ministerio de la presidencia -- Ministerio de salud -- Municipalidades y otras instituciones p&#xFA;blicas -- Organizaciones de cooperaci&#xF3;n -- Situaci&#xF3;n de la salud ambiental al final del siglo Xx -- Visi&#xF3;n de la salud ambiental en el siglo XXI -- Principales desaf&#xED;os.</subfield>
  </datafield>
  <datafield tag="505" ind1="0" ind2=" ">
    <subfield code="a">Tomo 17.</subfield>
    <subfield code="a">Plantas medicinales (1&#xBA; parte) -- Introducci&#xF3;n -- Aspectos generales y conceptos b&#xE1;sicos -- Evoluci&#xF3;n hist&#xF3;rica -- Per&#xED;odo aut&#xF3;ctono -- &#xC9;poca preincaica -- &#xC8;poca incaica -- Plantas medicinales.</subfield>
  </datafield>
  <datafield tag="505" ind1="0" ind2=" ">
    <subfield code="a">Tomo 18.</subfield>
    <subfield code="a">Plantas medicinales (2&#xBA; parte) -- Evoluci&#xF3;n hist&#xF3;rica -- Conquista y virreinato -- Investigadores y cronistas de la flora peruana -- Exploraci&#xF3;n de la Amazon&#xED;a -- Expediciones bot&#xE1;nicas en el virreinato -- Plantas medicinales que trajo Espa&#xF1;a -- Per&#xED;odo de la rep&#xFA;blica -- Investigadores e instituciones -- Plantas medicinales: nuevos conocimientos -- Visi&#xF3;n del futuro.</subfield>
  </datafield>
  <datafield tag="505" ind1="0" ind2=" ">
    <subfield code="a">Tomo 19.</subfield>
    <subfield code="a">Recursos humanos para la salud -- Introducci&#xF3;n -- Conceptos b&#xE1;sicos -- Formaci&#xF3;n y capacitaci&#xF3;n profesional -- Medicina -- Antecedentes en el mundo -- Per&#xED;odo del virreinato -- Per&#xED;odo de la rep&#xFA;blica -- Las primeras d&#xE9;cadas -- El siglo XX -- La formaci&#xF3;n m&#xE9;dica desde 1964 -- Nuevos problemas en la formaci&#xF3;n -- Asignaci&#xF3;n de campos cl&#xED;nicos -- Acreditaci&#xF3;n de las facultades de medicina -- Aspectos cr&#xED;ticos de la educaci&#xF3;n m&#xE9;dica -- Nuevos retos -- Perspectiva de la formaci&#xF3;n m&#xE9;dica -- Formaci&#xF3;n de m&#xE9;dicos especialistas -- Odontolog&#xED;a -- Per&#xED;odo aut&#xF3;ctono -- Per&#xED;odo de la rep&#xFA;blica -- Secci&#xF3;n de odontolog&#xED;a (1868-1921) -- Creaci&#xF3;n de la primera cl&#xED;nica odontol&#xF3;gica -- Instituto de odontolog&#xED;a (1921-1931) -- Escuela de odontolog&#xED;a (1931-1943) -- Facultad de odontolog&#xED;a de la Universidad Nacional Mayor de San Marcos -- Otras escuelas o facultades de odontolog&#xED;a -- Modelo pedag&#xF3;gico de educaci&#xF3;n en odontolog&#xED;a -- Enfermi&#xA1;er&#xED;a -- Per&#xED;odo aut&#xF3;ctono -- Per&#xED;odo del virreinato -- Per&#xED;odo de la republica -- Etapa 1900-1930 -- Etapa 1931-1960 -- Etapa 1961-1990 -- Etapa 1991-2006 -- Obstetricia -- Per&#xED;odo aut&#xF3;ctono -- Per&#xED;odo del virreinato -- Per&#xED;odo de la rep&#xFA;blica -- Etapa 1826-1940 -- Etapa 1941-2006 -- Psicolog&#xED;a -- Orientaciones doctrinarias -- Formaci&#xF3;n y capacitaci&#xF3;n -- Evoluci&#xF3;n de la psicolog&#xED;a cl&#xED;nica -- Etapa 1955-1969 -- Etapa 1970-1979 -- Etapa 1980-2006 -- Capactitaci&#xF3;n auxiliar y t&#xE9;cnica de salud -- Per&#xED;odo del virreinato -- Per&#xED;odo de la rep&#xFA;blica -- Etapa 1935-1960 -- Etapa 1961-1970 -- Etapa 1971-1980 -- Etapa 1981-1990 -- Etapa 1991-2006 -- Promotores de salud -- Salud p&#xFA;blica y recursos humanos -- Profesionales -- Medicina -- La fuerza laboral m&#xE9;dica -- Etapa 1533-1847 -- Etapa 1848-1963 -- Etapa 1964-2006 -- Odontolog&#xED;a -- Enfermer&#xED;a -- Obstetricia -- Psicolog&#xED;a -- Personal auxiliar y t&#xE9;cnico de salud -- Visi&#xF3;n del futuro de los recursos humanos de salud.</subfield>
  </datafield>
  <datafield tag="505" ind1="0" ind2=" ">
    <subfield code="a">Tomo 20.</subfield>
    <subfield code="a">Investigaci&#xF3;n cient&#xED;fica y tecnol&#xF3;gica en salud -- Introducci&#xF3;n -- El consejo nacional de ciencia y tecnolog&#xED;a y la investigaci&#xF3;n en salud -- El ministerio de salud y la investigaci&#xF3;n -- Pol&#xED;ticas de investigaci&#xF3;n en salud -- Investigaci&#xF3;n sobre salud en las universidades de Lima metropolitana -- Investigaci&#xF3;n sobre salud en el seguro social de salud, fuerzas armadas, polic&#xED;a nacional e instituciones de la sociedad -- Investigaci&#xF3;n cient&#xED;fica en las fuerzas armadas y polic&#xED;a nacional del Per&#xFA; -- Investigaci&#xF3;n sobre salud en las regiones del Per&#xFA; -- Tecnolog&#xED;a de la salud -- Visi&#xF3;n del futuro.</subfield>
  </datafield>
  <datafield tag="505" ind1="0" ind2=" ">
    <subfield code="a">Tomo 21.</subfield>
    <subfield code="a">Atenci&#xF3;n ambulatoria y hospitalaria -- Introducci&#xF3;n -- Conceptos b&#xE1;sicos -- Atenci&#xF3;n ambulatoria -- Hospitalizaci&#xF3;n -- El hombre andino y la salud -- Conquista y virreinato -- Plano de ubicaci&#xF3;n de los antiguos hospitales en Lima -- Rese&#xF1;a de los hospitales -- Hospital de Santo Domingo -- Hospital Real de San Andr&#xE9;s -- Hospital Real de Santa Ana -- Hospitall Real San Bartolom&#xE9; -- Hospital de San Diego o San Juan de Dios -- Hospital del Esp&#xED;ritu Santo -- Hospital de Santa Mar&#xED;a de la Caridad -- Hospital de San L&#xE1;zaro -- Hospital de Incurables -- Refugio de Incurables y Contagiosos -- Hospital de San Pedro -- Hospital de Guadalupe -- Per&#xED;odo de la rep&#xFA;blica -- Atenci&#xF3;n ambulatoria y hospitalaria a partir de 1821 -- Etapa 1851-1900 -- Etapa 1901-1950 -- Etapa 1951-1975 -- Establecimientos hospitalarios p&#xFA;blicos y privados en 1965 -- Establecimientos hospitalarios p&#xFA;blicos y privados en 1975 -- Rese&#xF1;a cronol&#xF3;gica de algunos establecimientos hospitalarios privados vigentes en 1975 -- Etapa 1976-1990 -- Etapa 1991-2006 -- Visi&#xF3;n del futuro.</subfield>
  </datafield>
  <datafield tag="505" ind1="0" ind2=" ">
    <subfield code="a">Tomo 22.</subfield>
    <subfield code="a">Planificaci&#xF3;n en salud -- Introducci&#xF3;n -- La planificaci&#xF3;n en Am&#xE9;rica latina: 1961-2005 -- Planificaci&#xF3;n con enfoque poblacional en Am&#xE9;rica latina -- Las primeras teor&#xED;as del desarrollo -- La CEPAL y la planificaci&#xF3;n del desarrollo -- La alianza para el progreso y la carta de punta del este -- Aplicaci&#xF3;n y debilitamiento de la planificaci&#xF3;n del desarrollo -- Planificaci&#xF3;n con enfoque institucional en Am&#xE9;rica latina -- Planificaci&#xF3;n normativa de la salud en Am&#xE9;rica latina: 1961-1977 -- El plan decenal de salud p&#xFA;blica de la alianza para el progreso -- Planificaci&#xF3;n normativa y el m&#xE9;todo CENDES-OPS -- El plan decenal de salud para las am&#xE9;ricas -- El CPPS y el enfoque adaptativo -- Planificaci&#xF3;n estrat&#xE9;gica en salud y am&#xE9;rica latina: 1977-2005 -- Dos propuestas de planificaci&#xF3;n estrat&#xE9;gica cr&#xED;tica -- Reforma de la sallud y crisis de la planificaci&#xF3;n normativa -- El planeamiento estrat&#xE9;gico corporativo en el sector salud -- Compromisos con los objetivos del milenio y salud, 2003 -- Planificaci&#xF3;n global en el Per&#xFA;: 1962-2005 -- El sistema nacional de planificaci&#xF3;n en el Per&#xFA; -- Antecedentes y el CAEM -- Creaci&#xF3;n y desarrollo del sistema nacional de planificaci&#xF3;n -- Debilitamiento del SNP y desactivaci&#xF3;n del INP -- El planeamiento estrat&#xE9;gico en el sector p&#xFA;blico -- Primer intento para establecer el planeamiento estrat&#xE9;gico, 1996 -- Planeamiento estrat&#xE9;gico en el sector p&#xFA;blico al final del a&#xF1;o 2000 -- Planeamiento estrat&#xE9;gico en el sector p&#xFA;blico: 2001-2005 -- Planificaci&#xF3;n concertada y descentralizaci&#xF3;n: 2002-2007 -- Planificaci&#xF3;n de la salud en el Per&#xFA;: 1963-1990 -- Inicios de la planificaci&#xF3;n de la salud en el Per&#xFA; -- Antecedentes -- Creaci&#xF3;n e inicios de la OSPS: 1963-1968 -- Evoluci&#xF3;n de la planificaci&#xF3;n de la salud en el Per&#xFA;: 1969-2002 -- El subsistema sectorial de planificaci&#xF3;n en salud  I: 1969-1980 -- El subsistema sectoria de planificaci&#xF3;n en salud II: 1980-1985 -- El subsistema sectorial de planificaci&#xF3;n en salud III: 1985-2005 -- Planificaci&#xF3;n con enfoque institucional en salud. Per&#xFA;: 1990-2005 -- Planificaci&#xF3;n institucional del MINSA -- Situaci&#xF3;n de la planificaci&#xF3;n al final del segundo milenio -- Planeamiento estrat&#xE9;gico en salud. Per&#xFA;: 2002-2005 -- Base legal -- El planeamiento estrat&#xE9;gico en el MINSA -- El acuerdo nacional en salud -- Situaci&#xF3;n de la planificaci&#xF3;n en salud en el umbral del siglo XXI.</subfield>
  </datafield>
  <datafield tag="505" ind1="0" ind2=" ">
    <subfield code="a">Tomo 23.</subfield>
    <subfield code="a">aAn&#xE1;lisis hist&#xF3;rico de la salud en el Per&#xFA; per&#xED;odo de la Rep&#xFA;blica, etapa 2001-2011 -- Contexto pol&#xED;tico, econ&#xF3;mico y social -- Contexto de las pol&#xED;ticas de la salud 2001-2010 -- Salud y desarrollo -- No hay desarrollo humano sin salud -- Salud y bio&#xE9;tica -- Salud mental, psiquiatr&#xED;a y bio&#xE9;tica: reflexiones en la etapa 2007-2011 -- &#xC9;tica en el periodismo m&#xE9;dico-cient&#xED;fico y su trascendencia en salud -- Sistema Nacional de salud -- Sistema Nacional coordinado y descentralizado de salud -- Aseguramiento social en salud -- Descentralizaci&#xF3;n en salud -- Recursos humanos para la salud -- Medicamentos y plantas medicinales -- Medicamentos -- Plantas medicinales -- Cuidado de la salud -- Promoci&#xF3;n de la salud -- Alimentaci&#xF3;n y nutrici&#xF3;n -- Alimentaci&#xF3;n y nutrici&#xF3;n al iniciarse el nuevo milenio -- Salud maternoinfantil -- Salud maternoperinatal -- Bancos de leche humana, una estrategia para el fomento de la lactancia materna -- Salud del adolescente -- Control de enfermedades transmisibles y zoonosis -- Control de enfermedades no transmisible -- Tabaquismo -- Control del c&#xE1;ncer -- Prevenci&#xF3;n y tratamiento de la diabetes mellitus -- Preparaci&#xF3;n para emergencias y desastres -- Proceso de gesti&#xF3;n del riesgo y administraci&#xF3;n de desastres en la regi&#xF3;n Cusco, evoluci&#xF3;n hist&#xF3;rica -- Accidentalidad del transporte terrestre -- Rehabilitaci&#xF3;n -- La rehabilitaci&#xF3;n en el siglo XXI -- Salud ambiental y ocupacional -- Salud ambiental y ocupacional en la etapa 2007-2011 -- Apoyo para el cuidado de la salud -- Atenci&#xF3;n ambulatoria y hospitalaria, 2007-2011 -- Hacia el "D&#xED;a nacional de la salud" -- Investigaci&#xF3;n cient&#xED;fica y tecnol&#xF3;gica en salud -- Hidroa vacciniforme, hidroa vacciniforme at&#xED;pico y linfoma que tipo hidroa vacciniforme. OMS, &#xFA;ltima clasificaci&#xF3;n (2008) -- Un espectro de la enfermedad inducida por el virus de Epstein-Barr que incluye desde el proceso inflamatorio hasta la proliferaci&#xF3;n neopl&#xE1;sica -- Investigaci&#xF3;n en el Instituto Nacional de Salud Mental "Honorio Delgado - Hideyo Noguchi" -- Investigaciones cient&#xED;ficas y tecnol&#xF3;gicas en ingenier&#xED;a biom&#xE9;dica de la Pontificia Universidad Cat&#xF3;lica del per&#xFA; -- Cooperaci&#xF3;n internacional -- Cooperaci&#xF3;n internacional 2007-2011 -- 40&#xBA; aniversario del organismo andino de salud - Convenio Hip&#xF3;lito Unanue -- Otros avances en la investigaci&#xF3;n hist&#xF3;rica -- Per&#xED;odo aut&#xF3;ctono -- El derecho a la salud -- Per&#xED;odo de la conquista y virreinato -- Alimentaci&#xF3;n y nutrici&#xF3;n -- La salud durante la creaci&#xF3;n de la rep&#xFA;blica -- Control de enfermedades -- Per&#xED;odo de la rep&#xFA;blica -- Salud y desarrollo -- Sistema nacional de salud -- Instituciones y organizaciones p&#xFA;blicas y privadas -- Salud sexual y reproductiva -- Salud infantil -- Salud del adulto mayor -- Salud mental -- Preparaci&#xF3;n para emergencias y desastres -- Investigaci&#xF3;n cient&#xED;fica en salud -- Personalidades de la salud nacional.</subfield>
  </datafield>
  <datafield tag="505" ind1="0" ind2=" ">
    <subfield code="a">Tomo 24.</subfield>
    <subfield code="a">An&#xE1;lisis hist&#xF3;rico de la salud en el Per&#xFA; per&#xED;odo de la Rep&#xFA;blica, etapa 2007-2011 -- Cuidado de la salud -- Salud del adolescente -- Control de enfermedades transmisibles y zoonosis -- Control de enfermedades no transmisibles -- Tabaquismo -- Control del c&#xE1;ncer -- Prevenci&#xF3;n y tratamiento de la diabetes mellitus -- Preparaci&#xF3;n para emergencias y desastres en la regi&#xF3;n Cusco. Evoluci&#xF3;n hist&#xF3;rica -- Accidentalidad del transporte terrestre -- Rehabilitaci&#xF3;n -- La rehabilitaci&#xF3;n en el siglo XXI -- Salud ambiental y ocupacional -- Salud ambiental y ocupacional en la etapa 2007-2011 -- Apoyo para el cuidado de la salud -- Atenci&#xF3;n ambulatoria y hospitalaria, 2007-2011 -- Hacia el "D&#xED;a nacional de la salud" -- Investigaci&#xF3;n cient&#xED;fica y tecnol&#xF3;gica en salud -- Hidroa vacciniforme, hidroa vacciniforme at&#xED;pico y linfoma tipo hidroa vacciniforme. OMS, &#xFA;ltima clasificaci&#xF3;n (2008). Un espectro de la enfermedad inducida por el virus de Epstein-Barr que incluye desde el proceso inflamatorio hasta la proliferaci&#xF3;n neopl&#xE1;sica -- Investigaci&#xF3;n en el Instituto Nacional de Salud Mental "Honorario Delgado- Hideyo Noguchi" -- Investigaciones cient&#xED;ficas y tecnol&#xF3;gicas en ingenier&#xED;a biom&#xE9;dica de la Pontificia Universidad Cat&#xF3;lica del Per&#xFA; -- Cooperaci&#xF3;n internacional -- Cooperaci&#xF3;n internacional 2007-2011 -- 40&#xBA; aniversario del organismo andino de salud- Convenio Hip&#xF3;lito Unanue.</subfield>
  </datafield>
  <datafield tag="505" ind1="0" ind2=" ">
    <subfield code="a">Tomo 25.</subfield>
    <subfield code="a">Otros avances en la investigaci&#xF3;n hist&#xF3;rica -- Per&#xED;odo aut&#xF3;ctono -- El derecho a la salud -- Vestigios de un derecho a la salud preinca. La civilizaci&#xF3;n de Caral y la cultura mochica -- Salud del adulto mayor -- Per&#xED;odo de la conquista y virreinato -- Evoluci&#xF3;n de la alimentaci&#xF3;n durante el virreinato -- La salud durante la creaci&#xF3;n de la rep&#xFA;blica -- Control de las enfermedades -- Las enfermedades respiratorias en la obra de Hip&#xF3;lito Unanue -- Per&#xED;odo de la rep&#xFA;blica -- Salud y desarrollo -- Estado de salud de los pueblos ind&#xED;genas de la Amazon&#xED;a -- Sistema nacional de salud -- Salud p&#xFA;blica, seguridad social, educaci&#xF3;n m&#xE9;dica, regionalizaci&#xF3;n y descentralizaci&#xF3;n -- Instituciones y organizaciones p&#xFA;blicas y privadas -- Revista peruana de medicina experimental y salud p&#xFA;blica del instituto nacional de salud -- Academia peruana de salud -- Oncosalud -- Salud sexual y reproductiva -- &#xC9;tica y planificaci&#xF3;n familiar -- Salud mental -- Estrategia "Atenci&#xF3;n integrada a las enfermedades prevalentes de la infancia" (AIEPI) -- Salud del adulto mayor -- Escuela del adulto mayor para la informaci&#xF3;n de lideres comunitarios -- Salud mental -- Curaci&#xF3;n social de las dependencias a sustancias  -- Preparaci&#xF3;n para emergencias y desastres -- Salud mental y desastres naturales en el Per&#xFA; y Am&#xE9;rica Latina -- El hospital Goyeneche de Arequipa durante el terremoto del 2001 -- Las v&#xED;ctimas del incendio de mesa redonda, una estrategia de apoyo psicol&#xF3;gico -- Investigaci&#xF3;n cient&#xED;fica en salud -- Contribuciones de la Universidad Peruana Cayetano Heredia a la investigaci&#xF3;n de salud -- Personalidades de la salud nacional -- Introducci&#xF3;n -- Los tres grandes precursores de la salud en el Per&#xFA; -- Las personalidades -- Per&#xED;odo aut&#xF3;ctono -- Per&#xED;odo de la conquista y virreinato -- La salud durante la creaci&#xF3;n de la rep&#xFA;blica -- Per&#xED;odo de la rep&#xFA;blica -- I etapa: Comienzo de la organizaci&#xF3;n de la sanidad p&#xFA;blica (1856-1902) -- II etapa: Primera rector&#xED;a de la salubridad (1903-1934) -- III etapa: Construcci&#xF3;n de la rector&#xED;a, el seguro social y el sistema nacional de salud (desde 1935) -- &#xCD;ndice de personalidaes de la salud nacional.</subfield>
  </datafield>
  <datafield tag="526" ind1=" " ind2=" ">
    <subfield code="a">P203</subfield>
  </datafield>
  <datafield tag="526" ind1=" " ind2=" ">
    <subfield code="a">P200</subfield>
  </datafield>
  <datafield tag="526" ind1=" " ind2=" ">
    <subfield code="a">SEG65</subfield>
  </datafield>
  <datafield tag="526" ind1=" " ind2=" ">
    <subfield code="a">SEG64</subfield>
  </datafield>
  <datafield tag="526" ind1=" " ind2=" ">
    <subfield code="a">SEG63</subfield>
  </datafield>
  <datafield tag="526" ind1=" " ind2=" ">
    <subfield code="a">SEG62</subfield>
  </datafield>
  <datafield tag="526" ind1=" " ind2=" ">
    <subfield code="a">SEG61</subfield>
  </datafield>
  <datafield tag="526" ind1=" " ind2=" ">
    <subfield code="a">SEG60</subfield>
  </datafield>
  <datafield tag="526" ind1=" " ind2=" ">
    <subfield code="a">SEG59</subfield>
  </datafield>
  <datafield tag="526" ind1=" " ind2=" ">
    <subfield code="a">SEG58</subfield>
  </datafield>
  <datafield tag="526" ind1=" " ind2=" ">
    <subfield code="a">SEG57</subfield>
  </datafield>
  <datafield tag="526" ind1=" " ind2=" ">
    <subfield code="a">SEG56</subfield>
  </datafield>
  <datafield tag="526" ind1=" " ind2=" ">
    <subfield code="a">SEG55</subfield>
  </datafield>
  <datafield tag="526" ind1=" " ind2=" ">
    <subfield code="a">SEG54</subfield>
  </datafield>
  <datafield tag="526" ind1=" " ind2=" ">
    <subfield code="a">SEG53</subfield>
  </datafield>
  <datafield tag="526" ind1=" " ind2=" ">
    <subfield code="a">SEG52</subfield>
  </datafield>
  <datafield tag="526" ind1=" " ind2=" ">
    <subfield code="a">SEG51</subfield>
  </datafield>
  <datafield tag="526" ind1=" " ind2=" ">
    <subfield code="a">SEG50</subfield>
  </datafield>
  <datafield tag="526" ind1=" " ind2=" ">
    <subfield code="a">SEG49</subfield>
  </datafield>
  <datafield tag="526" ind1=" " ind2=" ">
    <subfield code="a">SEG48</subfield>
  </datafield>
  <datafield tag="526" ind1=" " ind2=" ">
    <subfield code="a">SEG47</subfield>
  </datafield>
  <datafield tag="526" ind1=" " ind2=" ">
    <subfield code="a">SEG46</subfield>
  </datafield>
  <datafield tag="526" ind1=" " ind2=" ">
    <subfield code="a">SEG24</subfield>
  </datafield>
  <datafield tag="526" ind1=" " ind2=" ">
    <subfield code="a">SEG23</subfield>
  </datafield>
  <datafield tag="526" ind1=" " ind2=" ">
    <subfield code="a">SEG22</subfield>
  </datafield>
  <datafield tag="526" ind1=" " ind2=" ">
    <subfield code="a">SEG21</subfield>
  </datafield>
  <datafield tag="526" ind1=" " ind2=" ">
    <subfield code="a">SEG20</subfield>
  </datafield>
  <datafield tag="526" ind1=" " ind2=" ">
    <subfield code="a">SEG19</subfield>
  </datafield>
  <datafield tag="526" ind1=" " ind2=" ">
    <subfield code="a">SEG18</subfield>
  </datafield>
  <datafield tag="526" ind1=" " ind2=" ">
    <subfield code="a">SEG17</subfield>
  </datafield>
  <datafield tag="526" ind1=" " ind2=" ">
    <subfield code="a">SEG16</subfield>
  </datafield>
  <datafield tag="526" ind1=" " ind2=" ">
    <subfield code="a">SEG14</subfield>
  </datafield>
  <datafield tag="526" ind1=" " ind2=" ">
    <subfield code="a">SEG13</subfield>
  </datafield>
  <datafield tag="526" ind1=" " ind2=" ">
    <subfield code="a">SEG12</subfield>
  </datafield>
  <datafield tag="526" ind1=" " ind2=" ">
    <subfield code="a">SEG11</subfield>
  </datafield>
  <datafield tag="526" ind1=" " ind2=" ">
    <subfield code="a">SEG10</subfield>
  </datafield>
  <datafield tag="526" ind1=" " ind2=" ">
    <subfield code="a">SEG09</subfield>
  </datafield>
  <datafield tag="526" ind1=" " ind2=" ">
    <subfield code="a">SEG06</subfield>
  </datafield>
  <datafield tag="526" ind1=" " ind2=" ">
    <subfield code="a">SEG05</subfield>
  </datafield>
  <datafield tag="526" ind1=" " ind2=" ">
    <subfield code="a">SEG04</subfield>
  </datafield>
  <datafield tag="526" ind1=" " ind2=" ">
    <subfield code="a">SEG03</subfield>
  </datafield>
  <datafield tag="526" ind1=" " ind2=" ">
    <subfield code="a">SEG02</subfield>
  </datafield>
  <datafield tag="526" ind1=" " ind2=" ">
    <subfield code="a">SEG68</subfield>
  </datafield>
  <datafield tag="526" ind1=" " ind2=" ">
    <subfield code="a">SEG66</subfield>
  </datafield>
  <datafield tag="526" ind1=" " ind2=" ">
    <subfield code="a">SEG45</subfield>
  </datafield>
  <datafield tag="526" ind1=" " ind2=" ">
    <subfield code="a">SEG25</subfield>
  </datafield>
  <datafield tag="526" ind1=" " ind2=" ">
    <subfield code="a">SEG01</subfield>
  </datafield>
  <datafield tag="526" ind1=" " ind2=" ">
    <subfield code="a">P163</subfield>
  </datafield>
  <datafield tag="526" ind1=" " ind2=" ">
    <subfield code="a">P162</subfield>
  </datafield>
  <datafield tag="526" ind1=" " ind2=" ">
    <subfield code="a">P161</subfield>
  </datafield>
  <datafield tag="526" ind1=" " ind2=" ">
    <subfield code="a">P160</subfield>
  </datafield>
  <datafield tag="526" ind1=" " ind2=" ">
    <subfield code="a">P159</subfield>
  </datafield>
  <datafield tag="526" ind1=" " ind2=" ">
    <subfield code="a">P158</subfield>
  </datafield>
  <datafield tag="526" ind1=" " ind2=" ">
    <subfield code="a">P157</subfield>
  </datafield>
  <datafield tag="526" ind1=" " ind2=" ">
    <subfield code="a">P156</subfield>
  </datafield>
  <datafield tag="526" ind1=" " ind2=" ">
    <subfield code="a">P155</subfield>
  </datafield>
  <datafield tag="526" ind1=" " ind2=" ">
    <subfield code="a">P154</subfield>
  </datafield>
  <datafield tag="526" ind1=" " ind2=" ">
    <subfield code="a">P153</subfield>
  </datafield>
  <datafield tag="526" ind1=" " ind2=" ">
    <subfield code="a">P152</subfield>
  </datafield>
  <datafield tag="526" ind1=" " ind2=" ">
    <subfield code="a">P151</subfield>
  </datafield>
  <datafield tag="526" ind1=" " ind2=" ">
    <subfield code="a">P150</subfield>
  </datafield>
  <datafield tag="526" ind1=" " ind2=" ">
    <subfield code="a">P149</subfield>
  </datafield>
  <datafield tag="526" ind1=" " ind2=" ">
    <subfield code="a">P142</subfield>
  </datafield>
  <datafield tag="526" ind1=" " ind2=" ">
    <subfield code="a">P141</subfield>
  </datafield>
  <datafield tag="526" ind1=" " ind2=" ">
    <subfield code="a">P140</subfield>
  </datafield>
  <datafield tag="526" ind1=" " ind2=" ">
    <subfield code="a">P139</subfield>
  </datafield>
  <datafield tag="526" ind1=" " ind2=" ">
    <subfield code="a">P138</subfield>
  </datafield>
  <datafield tag="526" ind1=" " ind2=" ">
    <subfield code="a">P137</subfield>
  </datafield>
  <datafield tag="526" ind1=" " ind2=" ">
    <subfield code="a">P132</subfield>
  </datafield>
  <datafield tag="526" ind1=" " ind2=" ">
    <subfield code="a">P131</subfield>
  </datafield>
  <datafield tag="526" ind1=" " ind2=" ">
    <subfield code="a">P130</subfield>
  </datafield>
  <datafield tag="526" ind1=" " ind2=" ">
    <subfield code="a">P126</subfield>
  </datafield>
  <datafield tag="526" ind1=" " ind2=" ">
    <subfield code="a">P125</subfield>
  </datafield>
  <datafield tag="526" ind1=" " ind2=" ">
    <subfield code="a">P124</subfield>
  </datafield>
  <datafield tag="526" ind1=" " ind2=" ">
    <subfield code="a">P123</subfield>
  </datafield>
  <datafield tag="526" ind1=" " ind2=" ">
    <subfield code="a">P115</subfield>
  </datafield>
  <datafield tag="526" ind1=" " ind2=" ">
    <subfield code="a">P122</subfield>
  </datafield>
  <datafield tag="526" ind1=" " ind2=" ">
    <subfield code="a">P121</subfield>
  </datafield>
  <datafield tag="526" ind1=" " ind2=" ">
    <subfield code="a">P116</subfield>
  </datafield>
  <datafield tag="526" ind1=" " ind2=" ">
    <subfield code="a"> P114</subfield>
  </datafield>
  <datafield tag="526" ind1=" " ind2=" ">
    <subfield code="a">P112</subfield>
  </datafield>
  <datafield tag="526" ind1=" " ind2=" ">
    <subfield code="a">P111</subfield>
  </datafield>
  <datafield tag="526" ind1=" " ind2=" ">
    <subfield code="a">P104</subfield>
  </datafield>
  <datafield tag="526" ind1=" " ind2=" ">
    <subfield code="a">P103</subfield>
  </datafield>
  <datafield tag="526" ind1=" " ind2=" ">
    <subfield code="a">P102</subfield>
  </datafield>
  <datafield tag="526" ind1=" " ind2=" ">
    <subfield code="a">P101</subfield>
  </datafield>
  <datafield tag="526" ind1=" " ind2=" ">
    <subfield code="a">P100</subfield>
  </datafield>
  <datafield tag="526" ind1=" " ind2=" ">
    <subfield code="a">P96</subfield>
  </datafield>
  <datafield tag="526" ind1=" " ind2=" ">
    <subfield code="a">P95</subfield>
  </datafield>
  <datafield tag="526" ind1=" " ind2=" ">
    <subfield code="a">P93</subfield>
  </datafield>
  <datafield tag="526" ind1=" " ind2=" ">
    <subfield code="a">P92</subfield>
  </datafield>
  <datafield tag="526" ind1=" " ind2=" ">
    <subfield code="a">P91</subfield>
  </datafield>
  <datafield tag="526" ind1=" " ind2=" ">
    <subfield code="a">P88</subfield>
  </datafield>
  <datafield tag="526" ind1=" " ind2=" ">
    <subfield code="a">P83</subfield>
  </datafield>
  <datafield tag="526" ind1=" " ind2=" ">
    <subfield code="a">P82</subfield>
  </datafield>
  <datafield tag="526" ind1=" " ind2=" ">
    <subfield code="a">P79</subfield>
  </datafield>
  <datafield tag="526" ind1=" " ind2=" ">
    <subfield code="a">P78</subfield>
  </datafield>
  <datafield tag="526" ind1=" " ind2=" ">
    <subfield code="a">P75</subfield>
  </datafield>
  <datafield tag="526" ind1=" " ind2=" ">
    <subfield code="a">P74</subfield>
  </datafield>
  <datafield tag="526" ind1=" " ind2=" ">
    <subfield code="a">P71</subfield>
  </datafield>
  <datafield tag="526" ind1=" " ind2=" ">
    <subfield code="a">P69</subfield>
  </datafield>
  <datafield tag="526" ind1=" " ind2=" ">
    <subfield code="a"> P51</subfield>
  </datafield>
  <datafield tag="526" ind1=" " ind2=" ">
    <subfield code="a">P49</subfield>
  </datafield>
  <datafield tag="526" ind1=" " ind2=" ">
    <subfield code="a">P48</subfield>
  </datafield>
  <datafield tag="526" ind1=" " ind2=" ">
    <subfield code="a">P47</subfield>
  </datafield>
  <datafield tag="526" ind1=" " ind2=" ">
    <subfield code="a">P33</subfield>
  </datafield>
  <datafield tag="526" ind1=" " ind2=" ">
    <subfield code="a">P31</subfield>
  </datafield>
  <datafield tag="526" ind1=" " ind2=" ">
    <subfield code="a"> P30</subfield>
  </datafield>
  <datafield tag="526" ind1=" " ind2=" ">
    <subfield code="a">P29</subfield>
  </datafield>
  <datafield tag="526" ind1=" " ind2=" ">
    <subfield code="a">P27</subfield>
  </datafield>
  <datafield tag="526" ind1=" " ind2=" ">
    <subfield code="a">P26</subfield>
  </datafield>
  <datafield tag="526" ind1=" " ind2=" ">
    <subfield code="a">P25</subfield>
  </datafield>
  <datafield tag="526" ind1=" " ind2=" ">
    <subfield code="a">P24</subfield>
  </datafield>
  <datafield tag="526" ind1=" " ind2=" ">
    <subfield code="a"> P22</subfield>
  </datafield>
  <datafield tag="526" ind1=" " ind2=" ">
    <subfield code="a">P10</subfield>
  </datafield>
  <datafield tag="526" ind1=" " ind2=" ">
    <subfield code="a">P09</subfield>
  </datafield>
  <datafield tag="526" ind1=" " ind2=" ">
    <subfield code="a"> P08</subfield>
  </datafield>
  <datafield tag="526" ind1=" " ind2=" ">
    <subfield code="a">P06</subfield>
  </datafield>
  <datafield tag="526" ind1=" " ind2=" ">
    <subfield code="a">P05</subfield>
  </datafield>
  <datafield tag="526" ind1=" " ind2=" ">
    <subfield code="a">P04</subfield>
  </datafield>
  <datafield tag="526" ind1=" " ind2=" ">
    <subfield code="a">P01</subfield>
  </datafield>
  <datafield tag="650" ind1="0" ind2=" ">
    <subfield code="a">Medicine</subfield>
    <subfield code="z">Peru</subfield>
    <subfield code="x">History.</subfield>
  </datafield>
  <datafield tag="650" ind1="0" ind2="4">
    <subfield code="a">Medicina</subfield>
    <subfield code="z">Per&#xFA;</subfield>
    <subfield code="x">Historia.</subfield>
  </datafield>
  <datafield tag="700" ind1="1" ind2=" ">
    <subfield code="a">Neyra Ram&#xED;rez, Jos&#xE9;,</subfield>
    <subfield code="e">editor.</subfield>
  </datafield>
  <datafield tag="700" ind1="1" ind2=" ">
    <subfield code="a">S&#xE1;nchez L&#xF3;pez, Tem&#xED;stocles,</subfield>
    <subfield code="e">editor.</subfield>
  </datafield>
  <datafield tag="700" ind1="1" ind2=" ">
    <subfield code="a">Su&#xE1;rez Ognio, Luis,</subfield>
    <subfield code="e">editor.</subfield>
  </datafield>
  <datafield tag="710" ind1="1" ind2=" ">
    <subfield code="a">Academia Peruana de Salud.</subfield>
  </datafield>
  <datafield tag="910" ind1=" " ind2=" ">
    <subfield code="a">dbm</subfield>
    <subfield code="b">wmm</subfield>
    <subfield code="c">wmm</subfield>
    <subfield code="d">20170927</subfield>
  </datafield>
  <datafield tag="942" ind1=" " ind2=" ">
    <subfield code="2">ddc</subfield>
    <subfield code="c">BOOK</subfield>
  </datafield>
  <datafield tag="994" ind1=" " ind2=" ">
    <subfield code="a">C0</subfield>
    <subfield code="b">PEPRU</subfield>
  </datafield>
  <datafield tag="596" ind1=" " ind2=" ">
    <subfield code="a">1</subfield>
  </datafield>
  <datafield tag="999" ind1=" " ind2=" ">
    <subfield code="a">610.720 985 H5 1</subfield>
    <subfield code="w">DEWEY</subfield>
    <subfield code="c">25290</subfield>
    <subfield code="i">76332</subfield>
    <subfield code="f">2021-11-3</subfield>
    <subfield code="g">4</subfield>
    <subfield code="l">CCODEBUL1</subfield>
    <subfield code="m">BUL</subfield>
    <subfield code="p">15.00</subfield>
    <subfield code="r">0</subfield>
    <subfield code="s">Y</subfield>
    <subfield code="t">BOOK</subfield>
    <subfield code="u">2017-9-25</subfield>
    <subfield code="x">SALUD</subfield>
    <subfield code="P">P22</subfield>
    <subfield code="0">COMPRA</subfield>
    <subfield code="o">.STAFF. Colecci&#xF3;n Ciencias de la Salud</subfield>
    <subfield code="d">25290</subfield>
  </datafield>
  <datafield tag="999" ind1=" " ind2=" ">
    <subfield code="a">610.720 985 H5 2</subfield>
    <subfield code="w">DEWEY</subfield>
    <subfield code="c">1</subfield>
    <subfield code="i">76333</subfield>
    <subfield code="f">2021-11-3</subfield>
    <subfield code="g">4</subfield>
    <subfield code="l">CCODEBUL1</subfield>
    <subfield code="m">BUL</subfield>
    <subfield code="p">15.00</subfield>
    <subfield code="r">0</subfield>
    <subfield code="s">Y</subfield>
    <subfield code="t">BOOK</subfield>
    <subfield code="u">2017-9-27</subfield>
    <subfield code="x">SALUD</subfield>
    <subfield code="P">P22</subfield>
    <subfield code="0">COMPRA</subfield>
    <subfield code="o">.STAFF. Colecci&#xF3;n Ciencias de la Salud</subfield>
  </datafield>
  <datafield tag="999" ind1=" " ind2=" ">
    <subfield code="a">610.720 985 H5 3</subfield>
    <subfield code="w">DEWEY</subfield>
    <subfield code="c">1</subfield>
    <subfield code="i">76334</subfield>
    <subfield code="f">2021-11-3</subfield>
    <subfield code="g">4</subfield>
    <subfield code="l">CCODEBUL1</subfield>
    <subfield code="m">BUL</subfield>
    <subfield code="p">15.00</subfield>
    <subfield code="r">0</subfield>
    <subfield code="s">Y</subfield>
    <subfield code="t">BOOK</subfield>
    <subfield code="u">2017-9-27</subfield>
    <subfield code="x">SALUD</subfield>
    <subfield code="P">P22</subfield>
    <subfield code="0">COMPRA</subfield>
    <subfield code="o">.STAFF. Colecci&#xF3;n Ciencias de la Salud</subfield>
  </datafield>
  <datafield tag="999" ind1=" " ind2=" ">
    <subfield code="a">610.720 985 H5 4</subfield>
    <subfield code="w">DEWEY</subfield>
    <subfield code="c">1</subfield>
    <subfield code="i">76335</subfield>
    <subfield code="f">2021-11-3</subfield>
    <subfield code="g">4</subfield>
    <subfield code="l">CCODEBUL1</subfield>
    <subfield code="m">BUL</subfield>
    <subfield code="p">15.00</subfield>
    <subfield code="r">0</subfield>
    <subfield code="s">Y</subfield>
    <subfield code="t">BOOK</subfield>
    <subfield code="u">2017-9-27</subfield>
    <subfield code="x">SALUD</subfield>
    <subfield code="P">P22</subfield>
    <subfield code="0">COMPRA</subfield>
    <subfield code="o">.STAFF. Colecci&#xF3;n Ciencias de la Salud</subfield>
  </datafield>
  <datafield tag="999" ind1=" " ind2=" ">
    <subfield code="a">610.720 985 H5 5</subfield>
    <subfield code="w">DEWEY</subfield>
    <subfield code="c">1</subfield>
    <subfield code="i">76336</subfield>
    <subfield code="f">2021-11-3</subfield>
    <subfield code="g">4</subfield>
    <subfield code="l">CCODEBUL1</subfield>
    <subfield code="m">BUL</subfield>
    <subfield code="p">15.00</subfield>
    <subfield code="r">0</subfield>
    <subfield code="s">Y</subfield>
    <subfield code="t">BOOK</subfield>
    <subfield code="u">2017-9-27</subfield>
    <subfield code="x">SALUD</subfield>
    <subfield code="P">P22</subfield>
    <subfield code="0">COMPRA</subfield>
    <subfield code="o">.STAFF. Colecci&#xF3;n Ciencias de la Salud</subfield>
  </datafield>
  <datafield tag="999" ind1=" " ind2=" ">
    <subfield code="a">610.720 985 H5 6</subfield>
    <subfield code="w">DEWEY</subfield>
    <subfield code="c">1</subfield>
    <subfield code="i">76337</subfield>
    <subfield code="f">2021-11-3</subfield>
    <subfield code="g">4</subfield>
    <subfield code="l">CCODEBUL1</subfield>
    <subfield code="m">BUL</subfield>
    <subfield code="p">15.00</subfield>
    <subfield code="r">0</subfield>
    <subfield code="s">Y</subfield>
    <subfield code="t">BOOK</subfield>
    <subfield code="u">2017-9-27</subfield>
    <subfield code="x">SALUD</subfield>
    <subfield code="P">P22</subfield>
    <subfield code="0">COMPRA</subfield>
    <subfield code="o">.STAFF. Colecci&#xF3;n Ciencias de la Salud</subfield>
  </datafield>
  <datafield tag="999" ind1=" " ind2=" ">
    <subfield code="a">610.720 985 H5 7</subfield>
    <subfield code="w">DEWEY</subfield>
    <subfield code="c">1</subfield>
    <subfield code="i">76338</subfield>
    <subfield code="f">2021-11-3</subfield>
    <subfield code="g">4</subfield>
    <subfield code="l">CCODEBUL1</subfield>
    <subfield code="m">BUL</subfield>
    <subfield code="p">15.00</subfield>
    <subfield code="r">0</subfield>
    <subfield code="s">Y</subfield>
    <subfield code="t">BOOK</subfield>
    <subfield code="u">2017-9-27</subfield>
    <subfield code="x">SALUD</subfield>
    <subfield code="P">P22</subfield>
    <subfield code="0">COMPRA</subfield>
    <subfield code="o">.STAFF. Colecci&#xF3;n Ciencias de la Salud</subfield>
  </datafield>
  <datafield tag="999" ind1=" " ind2=" ">
    <subfield code="a">610.720 985 H5 8</subfield>
    <subfield code="w">DEWEY</subfield>
    <subfield code="c">1</subfield>
    <subfield code="i">76339</subfield>
    <subfield code="d">2019-6-17</subfield>
    <subfield code="e">2019-6-11</subfield>
    <subfield code="f">2021-11-3</subfield>
    <subfield code="g">4</subfield>
    <subfield code="l">CCODEBUL1</subfield>
    <subfield code="m">BUL</subfield>
    <subfield code="n">2</subfield>
    <subfield code="p">15.00</subfield>
    <subfield code="q">1</subfield>
    <subfield code="r">0</subfield>
    <subfield code="s">Y</subfield>
    <subfield code="t">BOOK</subfield>
    <subfield code="u">2017-9-27</subfield>
    <subfield code="x">SALUD</subfield>
    <subfield code="P">P22</subfield>
    <subfield code="0">COMPRA</subfield>
    <subfield code="o">.STAFF. Colecci&#xF3;n Ciencias de la Salud</subfield>
  </datafield>
  <datafield tag="999" ind1=" " ind2=" ">
    <subfield code="a">610.720 985 H5 9</subfield>
    <subfield code="w">DEWEY</subfield>
    <subfield code="c">1</subfield>
    <subfield code="i">76340</subfield>
    <subfield code="f">2021-11-3</subfield>
    <subfield code="g">4</subfield>
    <subfield code="l">CCODEBUL1</subfield>
    <subfield code="m">BUL</subfield>
    <subfield code="p">15.00</subfield>
    <subfield code="r">0</subfield>
    <subfield code="s">Y</subfield>
    <subfield code="t">BOOK</subfield>
    <subfield code="u">2017-9-27</subfield>
    <subfield code="x">SALUD</subfield>
    <subfield code="P">P22</subfield>
    <subfield code="0">COMPRA</subfield>
    <subfield code="o">.STAFF. Colecci&#xF3;n Ciencias de la Salud</subfield>
  </datafield>
  <datafield tag="999" ind1=" " ind2=" ">
    <subfield code="a">610.720 985 H5 10</subfield>
    <subfield code="w">DEWEY</subfield>
    <subfield code="c">1</subfield>
    <subfield code="i">76341</subfield>
    <subfield code="f">2021-11-3</subfield>
    <subfield code="g">4</subfield>
    <subfield code="l">CCODEBUL1</subfield>
    <subfield code="m">BUL</subfield>
    <subfield code="p">15.00</subfield>
    <subfield code="r">0</subfield>
    <subfield code="s">Y</subfield>
    <subfield code="t">BOOK</subfield>
    <subfield code="u">2017-9-27</subfield>
    <subfield code="x">SALUD</subfield>
    <subfield code="P">P22</subfield>
    <subfield code="0">COMPRA</subfield>
    <subfield code="o">.STAFF. Colecci&#xF3;n Ciencias de la Salud</subfield>
  </datafield>
  <datafield tag="999" ind1=" " ind2=" ">
    <subfield code="a">610.720 985 H5 11</subfield>
    <subfield code="w">DEWEY</subfield>
    <subfield code="c">1</subfield>
    <subfield code="i">76342</subfield>
    <subfield code="f">2021-11-3</subfield>
    <subfield code="g">4</subfield>
    <subfield code="l">CCODEBUL1</subfield>
    <subfield code="m">BUL</subfield>
    <subfield code="p">15.00</subfield>
    <subfield code="r">0</subfield>
    <subfield code="s">Y</subfield>
    <subfield code="t">BOOK</subfield>
    <subfield code="u">2017-9-27</subfield>
    <subfield code="x">SALUD</subfield>
    <subfield code="P">P22</subfield>
    <subfield code="0">COMPRA</subfield>
    <subfield code="o">.STAFF. Colecci&#xF3;n Ciencias de la Salud</subfield>
  </datafield>
  <datafield tag="999" ind1=" " ind2=" ">
    <subfield code="a">610.720 985 H5 12</subfield>
    <subfield code="w">DEWEY</subfield>
    <subfield code="c">1</subfield>
    <subfield code="i">76343</subfield>
    <subfield code="f">2021-11-3</subfield>
    <subfield code="g">4</subfield>
    <subfield code="l">CCODEBUL1</subfield>
    <subfield code="m">BUL</subfield>
    <subfield code="p">15.00</subfield>
    <subfield code="r">0</subfield>
    <subfield code="s">Y</subfield>
    <subfield code="t">BOOK</subfield>
    <subfield code="u">2017-9-27</subfield>
    <subfield code="x">SALUD</subfield>
    <subfield code="P">P22</subfield>
    <subfield code="0">COMPRA</subfield>
    <subfield code="o">.STAFF. Colecci&#xF3;n Ciencias de la Salud</subfield>
  </datafield>
  <datafield tag="999" ind1=" " ind2=" ">
    <subfield code="a">610.720 985 H5 13</subfield>
    <subfield code="w">DEWEY</subfield>
    <subfield code="c">1</subfield>
    <subfield code="i">76344</subfield>
    <subfield code="f">2021-11-3</subfield>
    <subfield code="g">4</subfield>
    <subfield code="l">CCODEBUL1</subfield>
    <subfield code="m">BUL</subfield>
    <subfield code="p">15.00</subfield>
    <subfield code="r">0</subfield>
    <subfield code="s">Y</subfield>
    <subfield code="t">BOOK</subfield>
    <subfield code="u">2017-9-27</subfield>
    <subfield code="x">SALUD</subfield>
    <subfield code="P">P22</subfield>
    <subfield code="0">COMPRA</subfield>
    <subfield code="o">.STAFF. Colecci&#xF3;n Ciencias de la Salud</subfield>
  </datafield>
  <datafield tag="999" ind1=" " ind2=" ">
    <subfield code="a">610.720 985 H5 14</subfield>
    <subfield code="w">DEWEY</subfield>
    <subfield code="c">1</subfield>
    <subfield code="i">76345</subfield>
    <subfield code="f">2021-11-3</subfield>
    <subfield code="g">4</subfield>
    <subfield code="l">CCODEBUL1</subfield>
    <subfield code="m">BUL</subfield>
    <subfield code="p">15.00</subfield>
    <subfield code="r">0</subfield>
    <subfield code="s">Y</subfield>
    <subfield code="t">BOOK</subfield>
    <subfield code="u">2017-9-27</subfield>
    <subfield code="x">SALUD</subfield>
    <subfield code="P">P22</subfield>
    <subfield code="0">COMPRA</subfield>
    <subfield code="o">.STAFF. Colecci&#xF3;n Ciencias de la Salud</subfield>
  </datafield>
  <datafield tag="999" ind1=" " ind2=" ">
    <subfield code="a">610.720 985 H5 15</subfield>
    <subfield code="w">DEWEY</subfield>
    <subfield code="c">1</subfield>
    <subfield code="i">76346</subfield>
    <subfield code="d">2018-3-19</subfield>
    <subfield code="e">2018-3-15</subfield>
    <subfield code="f">2021-11-3</subfield>
    <subfield code="g">4</subfield>
    <subfield code="l">CCODEBUL1</subfield>
    <subfield code="m">BUL</subfield>
    <subfield code="n">1</subfield>
    <subfield code="p">15.00</subfield>
    <subfield code="r">0</subfield>
    <subfield code="s">Y</subfield>
    <subfield code="t">BOOK</subfield>
    <subfield code="u">2017-9-27</subfield>
    <subfield code="x">SALUD</subfield>
    <subfield code="P">P22</subfield>
    <subfield code="0">COMPRA</subfield>
    <subfield code="o">.STAFF. Colecci&#xF3;n Ciencias de la Salud</subfield>
  </datafield>
  <datafield tag="999" ind1=" " ind2=" ">
    <subfield code="a">610.720 985 H5 16</subfield>
    <subfield code="w">DEWEY</subfield>
    <subfield code="c">1</subfield>
    <subfield code="i">76347</subfield>
    <subfield code="d">2018-8-14</subfield>
    <subfield code="f">2021-11-3</subfield>
    <subfield code="g">4</subfield>
    <subfield code="l">CCODEBUL1</subfield>
    <subfield code="m">BUL</subfield>
    <subfield code="p">15.00</subfield>
    <subfield code="q">1</subfield>
    <subfield code="r">0</subfield>
    <subfield code="s">Y</subfield>
    <subfield code="t">BOOK</subfield>
    <subfield code="u">2017-9-27</subfield>
    <subfield code="x">SALUD</subfield>
    <subfield code="P">P22</subfield>
    <subfield code="0">COMPRA</subfield>
    <subfield code="o">.STAFF. Colecci&#xF3;n Ciencias de la Salud</subfield>
  </datafield>
  <datafield tag="999" ind1=" " ind2=" ">
    <subfield code="a">610.720 985 H5 17</subfield>
    <subfield code="w">DEWEY</subfield>
    <subfield code="c">1</subfield>
    <subfield code="i">76348</subfield>
    <subfield code="f">2021-11-3</subfield>
    <subfield code="g">4</subfield>
    <subfield code="l">CCODEBUL1</subfield>
    <subfield code="m">BUL</subfield>
    <subfield code="p">15.00</subfield>
    <subfield code="r">0</subfield>
    <subfield code="s">Y</subfield>
    <subfield code="t">BOOK</subfield>
    <subfield code="u">2017-9-27</subfield>
    <subfield code="x">SALUD</subfield>
    <subfield code="P">P22</subfield>
    <subfield code="0">COMPRA</subfield>
    <subfield code="o">.STAFF. Colecci&#xF3;n Ciencias de la Salud</subfield>
  </datafield>
  <datafield tag="999" ind1=" " ind2=" ">
    <subfield code="a">610.720 985 H5 18</subfield>
    <subfield code="w">DEWEY</subfield>
    <subfield code="c">1</subfield>
    <subfield code="i">76349</subfield>
    <subfield code="f">2021-11-3</subfield>
    <subfield code="g">4</subfield>
    <subfield code="l">CCODEBUL1</subfield>
    <subfield code="m">BUL</subfield>
    <subfield code="p">15.00</subfield>
    <subfield code="r">0</subfield>
    <subfield code="s">Y</subfield>
    <subfield code="t">BOOK</subfield>
    <subfield code="u">2017-9-27</subfield>
    <subfield code="x">SALUD</subfield>
    <subfield code="P">P22</subfield>
    <subfield code="0">COMPRA</subfield>
    <subfield code="o">.STAFF. Colecci&#xF3;n Ciencias de la Salud</subfield>
  </datafield>
  <datafield tag="999" ind1=" " ind2=" ">
    <subfield code="a">610.720 985 H5 19</subfield>
    <subfield code="w">DEWEY</subfield>
    <subfield code="c">1</subfield>
    <subfield code="i">76350</subfield>
    <subfield code="f">2021-11-3</subfield>
    <subfield code="g">4</subfield>
    <subfield code="l">CCODEBUL1</subfield>
    <subfield code="m">BUL</subfield>
    <subfield code="p">15.00</subfield>
    <subfield code="r">0</subfield>
    <subfield code="s">Y</subfield>
    <subfield code="t">BOOK</subfield>
    <subfield code="u">2017-9-27</subfield>
    <subfield code="x">SALUD</subfield>
    <subfield code="P">P22</subfield>
    <subfield code="0">COMPRA</subfield>
    <subfield code="o">.STAFF. Colecci&#xF3;n Ciencias de la Salud</subfield>
  </datafield>
  <datafield tag="999" ind1=" " ind2=" ">
    <subfield code="a">610.720 985 H5 20</subfield>
    <subfield code="w">DEWEY</subfield>
    <subfield code="c">1</subfield>
    <subfield code="i">76351</subfield>
    <subfield code="f">2021-11-3</subfield>
    <subfield code="g">4</subfield>
    <subfield code="l">CCODEBUL1</subfield>
    <subfield code="m">BUL</subfield>
    <subfield code="p">15.00</subfield>
    <subfield code="r">0</subfield>
    <subfield code="s">Y</subfield>
    <subfield code="t">BOOK</subfield>
    <subfield code="u">2017-9-27</subfield>
    <subfield code="x">SALUD</subfield>
    <subfield code="P">P22</subfield>
    <subfield code="0">COMPRA</subfield>
    <subfield code="o">.STAFF. Colecci&#xF3;n Ciencias de la Salud</subfield>
  </datafield>
  <datafield tag="999" ind1=" " ind2=" ">
    <subfield code="a">610.720 985 H5 21</subfield>
    <subfield code="w">DEWEY</subfield>
    <subfield code="c">1</subfield>
    <subfield code="i">76352</subfield>
    <subfield code="f">2021-11-3</subfield>
    <subfield code="g">4</subfield>
    <subfield code="l">CCODEBUL1</subfield>
    <subfield code="m">BUL</subfield>
    <subfield code="p">15.00</subfield>
    <subfield code="r">0</subfield>
    <subfield code="s">Y</subfield>
    <subfield code="t">BOOK</subfield>
    <subfield code="u">2017-9-27</subfield>
    <subfield code="x">SALUD</subfield>
    <subfield code="P">P22</subfield>
    <subfield code="0">COMPRA</subfield>
    <subfield code="o">.STAFF. Colecci&#xF3;n Ciencias de la Salud</subfield>
  </datafield>
  <datafield tag="999" ind1=" " ind2=" ">
    <subfield code="a">610.720 985 H5 22</subfield>
    <subfield code="w">DEWEY</subfield>
    <subfield code="c">1</subfield>
    <subfield code="i">76353</subfield>
    <subfield code="f">2021-11-3</subfield>
    <subfield code="g">4</subfield>
    <subfield code="l">CCODEBUL1</subfield>
    <subfield code="m">BUL</subfield>
    <subfield code="p">15.00</subfield>
    <subfield code="r">0</subfield>
    <subfield code="s">Y</subfield>
    <subfield code="t">BOOK</subfield>
    <subfield code="u">2017-9-27</subfield>
    <subfield code="x">SALUD</subfield>
    <subfield code="P">P22</subfield>
    <subfield code="0">COMPRA</subfield>
    <subfield code="o">.STAFF. Colecci&#xF3;n Ciencias de la Salud</subfield>
  </datafield>
  <datafield tag="999" ind1=" " ind2=" ">
    <subfield code="a">610.720 985 H5 23</subfield>
    <subfield code="w">DEWEY</subfield>
    <subfield code="c">1</subfield>
    <subfield code="i">76354</subfield>
    <subfield code="f">2021-11-3</subfield>
    <subfield code="g">4</subfield>
    <subfield code="l">CCODEBUL1</subfield>
    <subfield code="m">BUL</subfield>
    <subfield code="p">15.00</subfield>
    <subfield code="r">0</subfield>
    <subfield code="s">Y</subfield>
    <subfield code="t">BOOK</subfield>
    <subfield code="u">2017-9-27</subfield>
    <subfield code="x">SALUD</subfield>
    <subfield code="P">P22</subfield>
    <subfield code="0">COMPRA</subfield>
    <subfield code="o">.STAFF. Colecci&#xF3;n Ciencias de la Salud</subfield>
  </datafield>
  <datafield tag="999" ind1=" " ind2=" ">
    <subfield code="a">610.720 985 H5 24</subfield>
    <subfield code="w">DEWEY</subfield>
    <subfield code="c">1</subfield>
    <subfield code="i">76355</subfield>
    <subfield code="f">2021-11-3</subfield>
    <subfield code="g">4</subfield>
    <subfield code="l">CCODEBUL1</subfield>
    <subfield code="m">BUL</subfield>
    <subfield code="p">15.00</subfield>
    <subfield code="r">0</subfield>
    <subfield code="s">Y</subfield>
    <subfield code="t">BOOK</subfield>
    <subfield code="u">2017-9-27</subfield>
    <subfield code="x">SALUD</subfield>
    <subfield code="P">P22</subfield>
    <subfield code="0">COMPRA</subfield>
    <subfield code="o">.STAFF. Colecci&#xF3;n Ciencias de la Salud</subfield>
  </datafield>
  <datafield tag="999" ind1=" " ind2=" ">
    <subfield code="a">610.720 985 H5 25</subfield>
    <subfield code="w">DEWEY</subfield>
    <subfield code="c">1</subfield>
    <subfield code="i">76356</subfield>
    <subfield code="f">2021-11-3</subfield>
    <subfield code="g">4</subfield>
    <subfield code="l">CCODEBUL1</subfield>
    <subfield code="m">BUL</subfield>
    <subfield code="p">15.00</subfield>
    <subfield code="r">0</subfield>
    <subfield code="s">Y</subfield>
    <subfield code="t">BOOK</subfield>
    <subfield code="u">2017-9-27</subfield>
    <subfield code="x">SALUD</subfield>
    <subfield code="P">P22</subfield>
    <subfield code="0">COMPRA</subfield>
    <subfield code="o">.STAFF. Colecci&#xF3;n Ciencias de la Salud</subfield>
  </datafield>
  <datafield tag="980" ind1=" " ind2=" ">
    <subfield code="8">1</subfield>
    <subfield code="g">ALBERTO SANCHEZ Responsable de Automatizaci&#xF3;n</subfield>
  </datafield>
  <datafield tag="952" ind1=" " ind2=" ">
    <subfield code="r">2025-12-03 00:00:00</subfield>
    <subfield code="i">5</subfield>
    <subfield code="l">2</subfield>
    <subfield code="o">610.720 985 H5 1</subfield>
    <subfield code="p">76332</subfield>
    <subfield code="s">2019-06-11</subfield>
    <subfield code="t">e1</subfield>
    <subfield code="v">20.00</subfield>
    <subfield code="w">2017-09-25</subfield>
    <subfield code="x">FCS</subfield>
    <subfield code="y">BK</subfield>
    <subfield code="z">inventario-2023-12-13</subfield>
    <subfield code="1">0</subfield>
    <subfield code="2">ddc</subfield>
    <subfield code="5">0</subfield>
    <subfield code="7">0</subfield>
    <subfield code="8">GEN</subfield>
    <subfield code="f">P22</subfield>
    <subfield code="a">BUL</subfield>
    <subfield code="b">BUL</subfield>
    <subfield code="c">GEN</subfield>
    <subfield code="d">2017-09-25</subfield>
    <subfield code="e">COMPRA</subfield>
    <subfield code="g">15.00</subfield>
  </datafield>
  <datafield tag="952" ind1=" " ind2=" ">
    <subfield code="r">2025-12-03 00:00:00</subfield>
    <subfield code="i">5</subfield>
    <subfield code="l">1</subfield>
    <subfield code="o">610.720 985 H5 2</subfield>
    <subfield code="p">76333</subfield>
    <subfield code="s">2018-03-15</subfield>
    <subfield code="t">e1</subfield>
    <subfield code="v">20.00</subfield>
    <subfield code="w">2017-09-27</subfield>
    <subfield code="x">FCS</subfield>
    <subfield code="y">BK</subfield>
    <subfield code="z">inventario-2023-12-13</subfield>
    <subfield code="1">0</subfield>
    <subfield code="2">ddc</subfield>
    <subfield code="5">0</subfield>
    <subfield code="7">0</subfield>
    <subfield code="8">GEN</subfield>
    <subfield code="f">P22</subfield>
    <subfield code="a">BUL</subfield>
    <subfield code="b">BUL</subfield>
    <subfield code="c">GEN</subfield>
    <subfield code="d">2017-09-27</subfield>
    <subfield code="e">COMPRA</subfield>
    <subfield code="g">15.00</subfield>
  </datafield>
  <datafield tag="952" ind1=" " ind2=" ">
    <subfield code="r">2025-12-03 00:00:00</subfield>
    <subfield code="i">5</subfield>
    <subfield code="l">0</subfield>
    <subfield code="o">610.720 985 H5 3</subfield>
    <subfield code="p">76334</subfield>
    <subfield code="t">e1</subfield>
    <subfield code="v">20.00</subfield>
    <subfield code="w">2017-09-27</subfield>
    <subfield code="x">FCS</subfield>
    <subfield code="y">BK</subfield>
    <subfield code="z">inventario-2023-12-13</subfield>
    <subfield code="1">0</subfield>
    <subfield code="2">ddc</subfield>
    <subfield code="5">0</subfield>
    <subfield code="7">0</subfield>
    <subfield code="8">GEN</subfield>
    <subfield code="f">P22</subfield>
    <subfield code="a">BUL</subfield>
    <subfield code="b">BUL</subfield>
    <subfield code="c">GEN</subfield>
    <subfield code="d">2017-09-27</subfield>
    <subfield code="e">COMPRA</subfield>
    <subfield code="g">15.00</subfield>
  </datafield>
  <datafield tag="952" ind1=" " ind2=" ">
    <subfield code="r">2025-12-03 00:00:00</subfield>
    <subfield code="i">5</subfield>
    <subfield code="l">0</subfield>
    <subfield code="o">610.720 985 H5 4</subfield>
    <subfield code="p">76335</subfield>
    <subfield code="t">e1</subfield>
    <subfield code="v">20.00</subfield>
    <subfield code="w">2017-09-27</subfield>
    <subfield code="x">FCS</subfield>
    <subfield code="y">BK</subfield>
    <subfield code="z">inventario-2023-12-13</subfield>
    <subfield code="1">0</subfield>
    <subfield code="2">ddc</subfield>
    <subfield code="5">0</subfield>
    <subfield code="7">0</subfield>
    <subfield code="8">GEN</subfield>
    <subfield code="f">P22</subfield>
    <subfield code="a">BUL</subfield>
    <subfield code="b">BUL</subfield>
    <subfield code="c">GEN</subfield>
    <subfield code="d">2017-09-27</subfield>
    <subfield code="e">COMPRA</subfield>
    <subfield code="g">15.00</subfield>
  </datafield>
  <datafield tag="952" ind1=" " ind2=" ">
    <subfield code="r">2025-12-03 00:00:00</subfield>
    <subfield code="i">5</subfield>
    <subfield code="l">0</subfield>
    <subfield code="o">610.720 985 H5 5</subfield>
    <subfield code="p">76336</subfield>
    <subfield code="t">e1</subfield>
    <subfield code="v">20.00</subfield>
    <subfield code="w">2017-09-27</subfield>
    <subfield code="x">FCS</subfield>
    <subfield code="y">BK</subfield>
    <subfield code="z">inventario-2023-12-13</subfield>
    <subfield code="1">0</subfield>
    <subfield code="2">ddc</subfield>
    <subfield code="5">0</subfield>
    <subfield code="7">0</subfield>
    <subfield code="8">GEN</subfield>
    <subfield code="f">P22</subfield>
    <subfield code="a">BUL</subfield>
    <subfield code="b">BUL</subfield>
    <subfield code="c">GEN</subfield>
    <subfield code="d">2017-09-27</subfield>
    <subfield code="e">COMPRA</subfield>
    <subfield code="g">15.00</subfield>
  </datafield>
  <datafield tag="952" ind1=" " ind2=" ">
    <subfield code="r">2025-12-03 00:00:00</subfield>
    <subfield code="i">5</subfield>
    <subfield code="l">0</subfield>
    <subfield code="o">610.720 985 H5 6</subfield>
    <subfield code="p">76337</subfield>
    <subfield code="t">e1</subfield>
    <subfield code="v">20.00</subfield>
    <subfield code="w">2017-09-27</subfield>
    <subfield code="x">FCS</subfield>
    <subfield code="y">BK</subfield>
    <subfield code="z">inventario-2023-12-13</subfield>
    <subfield code="1">0</subfield>
    <subfield code="2">ddc</subfield>
    <subfield code="5">0</subfield>
    <subfield code="7">0</subfield>
    <subfield code="8">GEN</subfield>
    <subfield code="f">P22</subfield>
    <subfield code="a">BUL</subfield>
    <subfield code="b">BUL</subfield>
    <subfield code="c">GEN</subfield>
    <subfield code="d">2017-09-27</subfield>
    <subfield code="e">COMPRA</subfield>
    <subfield code="g">15.00</subfield>
  </datafield>
  <datafield tag="952" ind1=" " ind2=" ">
    <subfield code="r">2025-12-03 00:00:00</subfield>
    <subfield code="i">5</subfield>
    <subfield code="l">0</subfield>
    <subfield code="o">610.720 985 H5 7</subfield>
    <subfield code="p">76338</subfield>
    <subfield code="t">e1</subfield>
    <subfield code="v">20.00</subfield>
    <subfield code="w">2017-09-27</subfield>
    <subfield code="x">FCS</subfield>
    <subfield code="y">BK</subfield>
    <subfield code="z">inventario-2023-12-13</subfield>
    <subfield code="1">0</subfield>
    <subfield code="2">ddc</subfield>
    <subfield code="5">0</subfield>
    <subfield code="7">0</subfield>
    <subfield code="8">GEN</subfield>
    <subfield code="f">P22</subfield>
    <subfield code="a">BUL</subfield>
    <subfield code="b">BUL</subfield>
    <subfield code="c">GEN</subfield>
    <subfield code="d">2017-09-27</subfield>
    <subfield code="e">COMPRA</subfield>
    <subfield code="g">15.00</subfield>
  </datafield>
  <datafield tag="952" ind1=" " ind2=" ">
    <subfield code="r">2025-12-03 00:00:00</subfield>
    <subfield code="i">5</subfield>
    <subfield code="l">0</subfield>
    <subfield code="o">610.720 985 H5 8</subfield>
    <subfield code="p">76339</subfield>
    <subfield code="t">e1</subfield>
    <subfield code="v">20.00</subfield>
    <subfield code="w">2017-09-27</subfield>
    <subfield code="x">FCS</subfield>
    <subfield code="y">BK</subfield>
    <subfield code="z">inventario-2023-12-13</subfield>
    <subfield code="1">0</subfield>
    <subfield code="2">ddc</subfield>
    <subfield code="5">0</subfield>
    <subfield code="7">0</subfield>
    <subfield code="8">GEN</subfield>
    <subfield code="f">P22</subfield>
    <subfield code="a">BUL</subfield>
    <subfield code="b">BUL</subfield>
    <subfield code="c">GEN</subfield>
    <subfield code="d">2017-09-27</subfield>
    <subfield code="e">COMPRA</subfield>
    <subfield code="g">15.00</subfield>
  </datafield>
  <datafield tag="952" ind1=" " ind2=" ">
    <subfield code="r">2025-12-03 00:00:00</subfield>
    <subfield code="i">5</subfield>
    <subfield code="l">0</subfield>
    <subfield code="o">610.720 985 H5 9</subfield>
    <subfield code="p">76340</subfield>
    <subfield code="t">e1</subfield>
    <subfield code="v">20.00</subfield>
    <subfield code="w">2017-09-27</subfield>
    <subfield code="x">FCS</subfield>
    <subfield code="y">BK</subfield>
    <subfield code="z">inventario-2023-12-13</subfield>
    <subfield code="1">0</subfield>
    <subfield code="2">ddc</subfield>
    <subfield code="5">0</subfield>
    <subfield code="7">0</subfield>
    <subfield code="8">GEN</subfield>
    <subfield code="f">P22</subfield>
    <subfield code="a">BUL</subfield>
    <subfield code="b">BUL</subfield>
    <subfield code="c">GEN</subfield>
    <subfield code="d">2017-09-27</subfield>
    <subfield code="e">COMPRA</subfield>
    <subfield code="g">15.00</subfield>
  </datafield>
  <datafield tag="952" ind1=" " ind2=" ">
    <subfield code="r">2025-12-03 00:00:00</subfield>
    <subfield code="i">5</subfield>
    <subfield code="l">0</subfield>
    <subfield code="o">610.720 985 H5 10</subfield>
    <subfield code="p">76341</subfield>
    <subfield code="t">e1</subfield>
    <subfield code="v">20.00</subfield>
    <subfield code="w">2017-09-27</subfield>
    <subfield code="x">FCS</subfield>
    <subfield code="y">BK</subfield>
    <subfield code="z">inventario-2023-12-13</subfield>
    <subfield code="1">0</subfield>
    <subfield code="2">ddc</subfield>
    <subfield code="5">0</subfield>
    <subfield code="7">0</subfield>
    <subfield code="8">GEN</subfield>
    <subfield code="f">P22</subfield>
    <subfield code="a">BUL</subfield>
    <subfield code="b">BUL</subfield>
    <subfield code="c">GEN</subfield>
    <subfield code="d">2017-09-27</subfield>
    <subfield code="e">COMPRA</subfield>
    <subfield code="g">15.00</subfield>
  </datafield>
  <datafield tag="952" ind1=" " ind2=" ">
    <subfield code="r">2025-12-03 00:00:00</subfield>
    <subfield code="i">5</subfield>
    <subfield code="l">0</subfield>
    <subfield code="o">610.720 985 H5 11</subfield>
    <subfield code="p">76342</subfield>
    <subfield code="t">e1</subfield>
    <subfield code="v">20.00</subfield>
    <subfield code="w">2017-09-27</subfield>
    <subfield code="x">FCS</subfield>
    <subfield code="y">BK</subfield>
    <subfield code="z">inventario-2023-12-13</subfield>
    <subfield code="1">0</subfield>
    <subfield code="2">ddc</subfield>
    <subfield code="5">0</subfield>
    <subfield code="7">0</subfield>
    <subfield code="8">GEN</subfield>
    <subfield code="f">P22</subfield>
    <subfield code="a">BUL</subfield>
    <subfield code="b">BUL</subfield>
    <subfield code="c">GEN</subfield>
    <subfield code="d">2017-09-27</subfield>
    <subfield code="e">COMPRA</subfield>
    <subfield code="g">15.00</subfield>
  </datafield>
  <datafield tag="952" ind1=" " ind2=" ">
    <subfield code="r">2025-12-03 00:00:00</subfield>
    <subfield code="i">5</subfield>
    <subfield code="l">0</subfield>
    <subfield code="o">610.720 985 H5 12</subfield>
    <subfield code="p">76343</subfield>
    <subfield code="t">e1</subfield>
    <subfield code="v">20.00</subfield>
    <subfield code="w">2017-09-27</subfield>
    <subfield code="x">FCS</subfield>
    <subfield code="y">BK</subfield>
    <subfield code="z">inventario-2023-12-13</subfield>
    <subfield code="1">0</subfield>
    <subfield code="2">ddc</subfield>
    <subfield code="5">0</subfield>
    <subfield code="7">0</subfield>
    <subfield code="8">GEN</subfield>
    <subfield code="f">P22</subfield>
    <subfield code="a">BUL</subfield>
    <subfield code="b">BUL</subfield>
    <subfield code="c">GEN</subfield>
    <subfield code="d">2017-09-27</subfield>
    <subfield code="e">COMPRA</subfield>
    <subfield code="g">15.00</subfield>
  </datafield>
  <datafield tag="952" ind1=" " ind2=" ">
    <subfield code="r">2025-12-03 00:00:00</subfield>
    <subfield code="i">5</subfield>
    <subfield code="l">0</subfield>
    <subfield code="o">610.720 985 H5 13</subfield>
    <subfield code="p">76344</subfield>
    <subfield code="t">e1</subfield>
    <subfield code="v">20.00</subfield>
    <subfield code="w">2017-09-27</subfield>
    <subfield code="x">FCS</subfield>
    <subfield code="y">BK</subfield>
    <subfield code="z">inventario-2023-12-13</subfield>
    <subfield code="1">0</subfield>
    <subfield code="2">ddc</subfield>
    <subfield code="5">0</subfield>
    <subfield code="7">0</subfield>
    <subfield code="8">GEN</subfield>
    <subfield code="f">P22</subfield>
    <subfield code="a">BUL</subfield>
    <subfield code="b">BUL</subfield>
    <subfield code="c">GEN</subfield>
    <subfield code="d">2017-09-27</subfield>
    <subfield code="e">COMPRA</subfield>
    <subfield code="g">15.00</subfield>
  </datafield>
  <datafield tag="952" ind1=" " ind2=" ">
    <subfield code="r">2025-12-03 00:00:00</subfield>
    <subfield code="i">5</subfield>
    <subfield code="l">0</subfield>
    <subfield code="o">610.720 985 H5 14</subfield>
    <subfield code="p">76345</subfield>
    <subfield code="t">e1</subfield>
    <subfield code="v">20.00</subfield>
    <subfield code="w">2017-09-27</subfield>
    <subfield code="x">FCS</subfield>
    <subfield code="y">BK</subfield>
    <subfield code="z">inventario-2023-12-13</subfield>
    <subfield code="1">0</subfield>
    <subfield code="2">ddc</subfield>
    <subfield code="5">0</subfield>
    <subfield code="7">0</subfield>
    <subfield code="8">GEN</subfield>
    <subfield code="f">P22</subfield>
    <subfield code="a">BUL</subfield>
    <subfield code="b">BUL</subfield>
    <subfield code="c">GEN</subfield>
    <subfield code="d">2017-09-27</subfield>
    <subfield code="e">COMPRA</subfield>
    <subfield code="g">15.00</subfield>
  </datafield>
  <datafield tag="952" ind1=" " ind2=" ">
    <subfield code="r">2025-12-03 00:00:00</subfield>
    <subfield code="i">5</subfield>
    <subfield code="l">0</subfield>
    <subfield code="o">610.720 985 H5 15</subfield>
    <subfield code="p">76346</subfield>
    <subfield code="t">e1</subfield>
    <subfield code="v">20.00</subfield>
    <subfield code="w">2017-09-27</subfield>
    <subfield code="x">FCS</subfield>
    <subfield code="y">BK</subfield>
    <subfield code="z">inventario-2023-12-13</subfield>
    <subfield code="1">0</subfield>
    <subfield code="2">ddc</subfield>
    <subfield code="5">0</subfield>
    <subfield code="7">0</subfield>
    <subfield code="8">GEN</subfield>
    <subfield code="f">P22</subfield>
    <subfield code="a">BUL</subfield>
    <subfield code="b">BUL</subfield>
    <subfield code="c">GEN</subfield>
    <subfield code="d">2017-09-27</subfield>
    <subfield code="e">COMPRA</subfield>
    <subfield code="g">15.00</subfield>
  </datafield>
  <datafield tag="952" ind1=" " ind2=" ">
    <subfield code="r">2025-12-03 00:00:00</subfield>
    <subfield code="i">5</subfield>
    <subfield code="l">0</subfield>
    <subfield code="o">610.720 985 H5 16</subfield>
    <subfield code="p">76347</subfield>
    <subfield code="t">e1</subfield>
    <subfield code="v">20.00</subfield>
    <subfield code="w">2017-09-27</subfield>
    <subfield code="x">FCS</subfield>
    <subfield code="y">BK</subfield>
    <subfield code="z">inventario-2023-12-13</subfield>
    <subfield code="1">0</subfield>
    <subfield code="2">ddc</subfield>
    <subfield code="5">0</subfield>
    <subfield code="7">0</subfield>
    <subfield code="8">GEN</subfield>
    <subfield code="f">P22</subfield>
    <subfield code="a">BUL</subfield>
    <subfield code="b">BUL</subfield>
    <subfield code="c">GEN</subfield>
    <subfield code="d">2017-09-27</subfield>
    <subfield code="e">COMPRA</subfield>
    <subfield code="g">15.00</subfield>
  </datafield>
  <datafield tag="952" ind1=" " ind2=" ">
    <subfield code="r">2025-12-03 00:00:00</subfield>
    <subfield code="i">5</subfield>
    <subfield code="l">0</subfield>
    <subfield code="o">610.720 985 H5 17</subfield>
    <subfield code="p">76348</subfield>
    <subfield code="t">e1</subfield>
    <subfield code="v">20.00</subfield>
    <subfield code="w">2017-09-27</subfield>
    <subfield code="x">FCS</subfield>
    <subfield code="y">BK</subfield>
    <subfield code="z">inventario-2023-12-13</subfield>
    <subfield code="1">0</subfield>
    <subfield code="2">ddc</subfield>
    <subfield code="5">0</subfield>
    <subfield code="7">0</subfield>
    <subfield code="8">GEN</subfield>
    <subfield code="f">P22</subfield>
    <subfield code="a">BUL</subfield>
    <subfield code="b">BUL</subfield>
    <subfield code="c">GEN</subfield>
    <subfield code="d">2017-09-27</subfield>
    <subfield code="e">COMPRA</subfield>
    <subfield code="g">15.00</subfield>
  </datafield>
  <datafield tag="952" ind1=" " ind2=" ">
    <subfield code="r">2025-12-03 00:00:00</subfield>
    <subfield code="i">5</subfield>
    <subfield code="l">0</subfield>
    <subfield code="o">610.720 985 H5 18</subfield>
    <subfield code="p">76349</subfield>
    <subfield code="t">e1</subfield>
    <subfield code="v">20.00</subfield>
    <subfield code="w">2017-09-27</subfield>
    <subfield code="x">FCS</subfield>
    <subfield code="y">BK</subfield>
    <subfield code="z">inventario-2023-12-13</subfield>
    <subfield code="1">0</subfield>
    <subfield code="2">ddc</subfield>
    <subfield code="5">0</subfield>
    <subfield code="7">0</subfield>
    <subfield code="8">GEN</subfield>
    <subfield code="f">P22</subfield>
    <subfield code="a">BUL</subfield>
    <subfield code="b">BUL</subfield>
    <subfield code="c">GEN</subfield>
    <subfield code="d">2017-09-27</subfield>
    <subfield code="e">COMPRA</subfield>
    <subfield code="g">15.00</subfield>
  </datafield>
  <datafield tag="952" ind1=" " ind2=" ">
    <subfield code="r">2025-12-03 00:00:00</subfield>
    <subfield code="i">5</subfield>
    <subfield code="l">0</subfield>
    <subfield code="o">610.720 985 H5 19</subfield>
    <subfield code="p">76350</subfield>
    <subfield code="t">e1</subfield>
    <subfield code="v">20.00</subfield>
    <subfield code="w">2017-09-27</subfield>
    <subfield code="x">FCS</subfield>
    <subfield code="y">BK</subfield>
    <subfield code="z">inventario-2023-12-13</subfield>
    <subfield code="1">0</subfield>
    <subfield code="2">ddc</subfield>
    <subfield code="5">0</subfield>
    <subfield code="7">0</subfield>
    <subfield code="8">GEN</subfield>
    <subfield code="f">P22</subfield>
    <subfield code="a">BUL</subfield>
    <subfield code="b">BUL</subfield>
    <subfield code="c">GEN</subfield>
    <subfield code="d">2017-09-27</subfield>
    <subfield code="e">COMPRA</subfield>
    <subfield code="g">15.00</subfield>
  </datafield>
  <datafield tag="952" ind1=" " ind2=" ">
    <subfield code="r">2025-12-03 00:00:00</subfield>
    <subfield code="i">5</subfield>
    <subfield code="l">0</subfield>
    <subfield code="o">610.720 985 H5 20</subfield>
    <subfield code="p">76351</subfield>
    <subfield code="t">e1</subfield>
    <subfield code="v">20.00</subfield>
    <subfield code="w">2017-09-27</subfield>
    <subfield code="x">FCS</subfield>
    <subfield code="y">BK</subfield>
    <subfield code="z">inventario-2023-12-13</subfield>
    <subfield code="1">0</subfield>
    <subfield code="2">ddc</subfield>
    <subfield code="5">0</subfield>
    <subfield code="7">0</subfield>
    <subfield code="8">GEN</subfield>
    <subfield code="f">P22</subfield>
    <subfield code="a">BUL</subfield>
    <subfield code="b">BUL</subfield>
    <subfield code="c">GEN</subfield>
    <subfield code="d">2017-09-27</subfield>
    <subfield code="e">COMPRA</subfield>
    <subfield code="g">15.00</subfield>
  </datafield>
  <datafield tag="952" ind1=" " ind2=" ">
    <subfield code="r">2025-12-03 00:00:00</subfield>
    <subfield code="i">5</subfield>
    <subfield code="l">0</subfield>
    <subfield code="o">610.720 985 H5 21</subfield>
    <subfield code="p">76352</subfield>
    <subfield code="t">e1</subfield>
    <subfield code="v">20.00</subfield>
    <subfield code="w">2017-09-27</subfield>
    <subfield code="x">FCS</subfield>
    <subfield code="y">BK</subfield>
    <subfield code="z">inventario-2023-12-13</subfield>
    <subfield code="1">0</subfield>
    <subfield code="2">ddc</subfield>
    <subfield code="5">0</subfield>
    <subfield code="7">0</subfield>
    <subfield code="8">GEN</subfield>
    <subfield code="f">P22</subfield>
    <subfield code="a">BUL</subfield>
    <subfield code="b">BUL</subfield>
    <subfield code="c">GEN</subfield>
    <subfield code="d">2017-09-27</subfield>
    <subfield code="e">COMPRA</subfield>
    <subfield code="g">15.00</subfield>
  </datafield>
  <datafield tag="952" ind1=" " ind2=" ">
    <subfield code="r">2025-12-03 00:00:00</subfield>
    <subfield code="i">5</subfield>
    <subfield code="l">0</subfield>
    <subfield code="o">610.720 985 H5 22</subfield>
    <subfield code="p">76353</subfield>
    <subfield code="t">e1</subfield>
    <subfield code="v">20.00</subfield>
    <subfield code="w">2017-09-27</subfield>
    <subfield code="x">FCS</subfield>
    <subfield code="y">BK</subfield>
    <subfield code="z">inventario-2023-12-13</subfield>
    <subfield code="1">0</subfield>
    <subfield code="2">ddc</subfield>
    <subfield code="5">0</subfield>
    <subfield code="7">0</subfield>
    <subfield code="8">GEN</subfield>
    <subfield code="f">P22</subfield>
    <subfield code="a">BUL</subfield>
    <subfield code="b">BUL</subfield>
    <subfield code="c">GEN</subfield>
    <subfield code="d">2017-09-27</subfield>
    <subfield code="e">COMPRA</subfield>
    <subfield code="g">15.00</subfield>
  </datafield>
  <datafield tag="952" ind1=" " ind2=" ">
    <subfield code="r">2025-12-03 00:00:00</subfield>
    <subfield code="i">5</subfield>
    <subfield code="l">0</subfield>
    <subfield code="o">610.720 985 H5 23</subfield>
    <subfield code="p">76354</subfield>
    <subfield code="t">e1</subfield>
    <subfield code="v">20.00</subfield>
    <subfield code="w">2017-09-27</subfield>
    <subfield code="x">FCS</subfield>
    <subfield code="y">BK</subfield>
    <subfield code="z">inventario-2023-12-13</subfield>
    <subfield code="1">0</subfield>
    <subfield code="2">ddc</subfield>
    <subfield code="5">0</subfield>
    <subfield code="7">0</subfield>
    <subfield code="8">GEN</subfield>
    <subfield code="f">P22</subfield>
    <subfield code="a">BUL</subfield>
    <subfield code="b">BUL</subfield>
    <subfield code="c">GEN</subfield>
    <subfield code="d">2017-09-27</subfield>
    <subfield code="e">COMPRA</subfield>
    <subfield code="g">15.00</subfield>
  </datafield>
  <datafield tag="952" ind1=" " ind2=" ">
    <subfield code="r">2025-12-03 00:00:00</subfield>
    <subfield code="i">5</subfield>
    <subfield code="l">0</subfield>
    <subfield code="o">610.720 985 H5 24</subfield>
    <subfield code="p">76355</subfield>
    <subfield code="t">e1</subfield>
    <subfield code="v">20.00</subfield>
    <subfield code="w">2017-09-27</subfield>
    <subfield code="x">FCS</subfield>
    <subfield code="y">BK</subfield>
    <subfield code="z">inventario-2023-12-13</subfield>
    <subfield code="1">0</subfield>
    <subfield code="2">ddc</subfield>
    <subfield code="5">0</subfield>
    <subfield code="7">0</subfield>
    <subfield code="8">GEN</subfield>
    <subfield code="f">P22</subfield>
    <subfield code="a">BUL</subfield>
    <subfield code="b">BUL</subfield>
    <subfield code="c">GEN</subfield>
    <subfield code="d">2017-09-27</subfield>
    <subfield code="e">COMPRA</subfield>
    <subfield code="g">15.00</subfield>
  </datafield>
  <datafield tag="952" ind1=" " ind2=" ">
    <subfield code="r">2025-12-03 00:00:00</subfield>
    <subfield code="i">5</subfield>
    <subfield code="l">0</subfield>
    <subfield code="o">610.720 985 H5 25</subfield>
    <subfield code="p">76356</subfield>
    <subfield code="t">e1</subfield>
    <subfield code="v">20.00</subfield>
    <subfield code="w">2017-09-27</subfield>
    <subfield code="x">FCS</subfield>
    <subfield code="y">BK</subfield>
    <subfield code="z">inventario-2023-12-13</subfield>
    <subfield code="1">0</subfield>
    <subfield code="2">ddc</subfield>
    <subfield code="5">0</subfield>
    <subfield code="7">0</subfield>
    <subfield code="8">GEN</subfield>
    <subfield code="f">P22</subfield>
    <subfield code="a">BUL</subfield>
    <subfield code="b">BUL</subfield>
    <subfield code="c">GEN</subfield>
    <subfield code="d">2017-09-27</subfield>
    <subfield code="e">COMPRA</subfield>
    <subfield code="g">15.00</subfield>
  </datafield>
</record>
